Communes and Municipalities of Romania with a Map - Statistics

General Stats
  • This quiz has been taken 3,590 times
  • The average score is 78 of 3181
Answers on the Map
Answers color-coded by a green-red scale on the quiz's map according to % correct below.
 
Answer Stats
County Comunne Type % Correct
București Bucureşti Municipality
68%
Timiș Timişoara Municipality
56%
Cluj Cluj-Napoca Municipality
55%
Constanța Constanţa Municipality
55%
Iași Iaşi Municipality
52%
Brașov Braşov Municipality
51%
Arad Arad Municipality
46%
Galați Galaţi Municipality
45%
Sălaj Rus Commune
44%
Harghita Satu Mare Commune
44%
Satu Mare Satu Mare Municipality
44%
Suceava Satu Mare Commune
44%
Sibiu Sibiu Municipality
43%
Tulcea Tulcea Municipality
40%
Brăila Brăila Municipality
39%
Cluj Buza Commune
39%
Bacău Bacău Municipality
38%
Bihor Oradea Municipality
38%
Suceava Suceava Municipality
38%
Dolj Craiova Municipality
37%
Prahova Ploieşti Municipality
37%
Suceava Baia Commune
36%
Tulcea Baia Commune
36%
Botoșani Botoşani Municipality
35%
Giurgiu Giurgiu Municipality
34%
Ialomița Bucu Commune
33%
Hunedoara Hunedoara Municipality
33%
Argeș Piteşti Municipality
33%
Vaslui Vaslui Municipality
33%
Alba Alba Iulia Municipality
31%
Maramureș Baia Mare Municipality
31%
Bistrița-Năsăud Bistriţa Municipality
31%
Buzău Buzău Municipality
31%
Mureș Târgu Mureş Municipality
31%
Botoșani Călăraşi Commune
25%
Cluj Călăraşi Commune
25%
Dâmbovița Călăraşi Municipality
25%
Dolj Călăraşi Commune
25%
Hunedoara Deva Municipality
25%
Teleorman Piatra Commune
25%
Dâmbovița Târgovişte Municipality
24%
Sălaj Zalău Municipality
24%
Gorj Târgu Jiu Municipality
23%
Constanța Mangalia Municipality
22%
Botoșani Roma Commune
22%
Mureș Sighişoara Municipality
22%
Teleorman Alexandria Municipality
21%
Vrancea Focşani Municipality
21%
Neamț Piatra Neamţ Municipality
21%
Caraș-Severin Reşiţa Municipality
21%
Ialomița Sfântu Gheorghe Commune
21%
Tulcea Sfântu Gheorghe Commune
21%
Argeș Slobozia Commune
21%
Giurgiu Slobozia Commune
21%
Ialomița Slobozia Municipality
21%
Mehedinți Drobeta-Turnu Severin Municipality
20%
Mureș Neaua Commune
20%
Olt Slatina Municipality
20%
Suceava Slatina Commune
20%
Argeș Câmpulung Municipality
19%
Harghita Miercurea Ciuc Municipality
19%
Vâlcea Râmnicu Vâlcea Municipality
19%
Brașov Bran Commune
18%
Brașov Făgăraş Municipality
18%
Neamț Roman Municipality
18%
Cluj Turda Municipality
18%
Timiș Lugoj Municipality
17%
Teleorman Olteni Commune
17%
Argeș Bârla Commune
16%
Sibiu Mediaş Municipality
16%
Covasna Poian Commune
16%
Satu Mare Vama Commune
16%
Suceava Vama Commune
16%
Bihor Borş Commune
15%
Hunedoara Brad Municipality
15%
Tulcea Cerna Commune
15%
Cluj Dej Municipality
15%
Bacău Roşiori Commune
15%
Bihor Rosiori Commune
15%
Brăila Roşiori Commune
15%
Ialomița Roşiori Commune
15%
Cluj Floreşti Commune
14%
Mehedinți Floreşti Commune
14%
Prahova Floreşti Commune
14%
Constanța Medgidia Municipality
14%
Bacău Oneşti Municipality
14%
Caraș-Severin Caransebeş Municipality
13%
Timiș Curtea Commune
13%
Dâmbovița Poiana Commune
13%
Galați Poiana Commune
13%
Argeș Popeşti Commune
13%
Bihor Popeşti Commune
13%
Iași Popeşti Commune
13%
Vâlcea Popeşti Commune
13%
Vrancea Popeşti Commune
13%
Bihor Lunca Commune
12%
Botoșani Lunca Commune
12%
Mureș Lunca Commune
12%
Teleorman Lunca Commune
12%
Hunedoara Petroşani Municipality
12%
Alba Sebeş Municipality
12%
Alba Aiud Municipality
11%
Alba Blaj Municipality
11%
Olt Caracal Municipality
11%
Ilfov Chiajna Commune
11%
Argeș Curtea de Arges Municipality
11%
Brașov Drăgus Commune
11%
Mehedinți Orşova Municipality
11%
Iași Paşcani Municipality
11%
Buzău Râmnicu Sărat Municipality
11%
Maramureș Sighetu Marmaţiei Municipality
11%
Galați Tecuci Municipality
11%
Ialomița Urziceni Municipality
11%
Satu Mare Urziceni Commune
11%
Botoșani Albeşti Commune
10%
Constanța Albeşti Commune
10%
Ialomița Albeşti Commune
10%
Mureș Albeşti Commune
10%
Vaslui Albeşti Commune
10%
Suceava Câmpulung Moldovenesc Municipality
10%
Satu Mare Carei Municipality
10%
Constanța Costineşti Commune
10%
Botoșani Dorohoi Municipality
10%
Vaslui Huşi Municipality
10%
Neamț Negreşti Commune
10%
Suceava Rădăuţi Municipality
10%
Mureș Reghin Municipality
10%
Harghita Săcel Commune
10%
Maramureș Săcel Commune
10%
Bistrița-Năsăud Şanţ Commune
10%
Teleorman Turnu Măgurele Municipality
10%
Cluj Vad Commune
10%
Vrancea Adjud Municipality
9%
Satu Mare Apa Commune
9%
Mehedinți Bala Commune
9%
Mureș Băla Commune
9%
Bihor Beiuş Municipality
9%
Ilfov Berceni Commune
9%
Prahova Berceni Commune
9%
Teleorman Bragadiru Commune
9%
Dolj Calafat Municipality
9%
Prahova Câmpina Municipality
9%
Brașov Codlea Municipality
9%
Constanța Pantelimon Commune
9%
Covasna Târgu Secuiesc Municipality
9%
Harghita Topliţa Municipality
9%
Hunedoara Topliţa Commune
9%
Argeș Ungheni Commune
9%
Iași Ungheni Commune
9%
Neamț Văleni Commune
9%
Olt Văleni Commune
9%
Vaslui Văleni Commune
9%
Brașov Vulcan Commune
9%
Hunedoara Vulcan Municipality
9%
Cluj Câmpia Turzii Municipality
8%
Brașov Cristian Commune
8%
Sibiu Cristian Commune
8%
Argeș Domneşti Commune
8%
Ilfov Domneşti Commune
8%
Bihor Drăgăneşti Commune
8%
Galați Drăgăneşti Commune
8%
Neamț Drăgăneşti Commune
8%
Prahova Drăgăneşti Commune
8%
Constanța Dumbrăveni Commune
8%
Suceava Dumbrăveni Commune
8%
Vrancea Dumbrăveni Commune
8%
Suceava Fălticeni Municipality
8%
Ialomița Feteşti Municipality
8%
Harghita Gheorgheni Municipality
8%
Harghita Lupeni Commune
8%
Hunedoara Lupeni Municipality
8%
Bihor Marghita Municipality
8%
Cluj Mihai Viteazu Commune
8%
Constanța Mihai Viteazu Commune
8%
Gorj Motru Municipality
8%
Harghita Odorheiu Secuiesc Municipality
8%
Dâmbovița Olteniţa Municipality
8%
Bihor Salonta Municipality
8%
Argeș Ştefan cel Mare Commune
8%
Bacău Ştefan cel Mare Commune
8%
Dâmbovița Ştefan cel Mare Commune
8%
Neamț Ştefan cel Mare Commune
8%
Olt Ştefan cel Mare Commune
8%
Vaslui Ştefan cel Mare Commune
8%
Vâlcea Ştefăneşti Commune
8%
Suceava Vatra Dornei Municipality
8%
Dolj Afumaţi Commune
7%
Ilfov Afumaţi Commune
7%
Timiș Bara Commune
7%
Cluj Borşa Commune
7%
Brașov Caţa Commune
7%
Dâmbovița Dragomireşti Commune
7%
Neamț Dragomireşti Commune
7%
Vaslui Dragomireşti Commune
7%
Brașov Dumbrăviţa Commune
7%
Maramureș Dumbrăviţa Commune
7%
Timiș Dumbrăviţa Commune
7%
Cluj Gherla Municipality
7%
Bihor Ineu Commune
7%
Bacău Lipova Commune
7%
Alba Mogoş Commune
7%
Ilfov Snagov Commune
7%
Brăila Victoria Commune
7%
Iași Victoria Commune
7%
Sibiu Alma Commune
6%
Ilfov Baloteşti Commune
6%
Iași Balş Commune
6%
Mehedinți Balta Commune
6%
Brașov Beclean Commune
6%
Maramureș Bicaz Commune
6%
Argeș Bradu Commune
6%
Suceava Comăneşti Commune
6%
Constanța Corbu Commune
6%
Harghita Corbu Commune
6%
Olt Corbu Commune
6%
Harghita Dealu Commune
6%
Mehedinți Dumbrava Commune
6%
Prahova Dumbrava Commune
6%
Timiș Dumbrava Commune
6%
Constanța Horia Commune
6%
Neamț Horia Commune
6%
Tulcea Horia Commune
6%
Sălaj Ip Commune
6%
Argeș Izvoru Commune
6%
Argeș Leordeni Commune
6%
Constanța Mihail Kogălniceanu Commune
6%
Ialomița Mihail Kogălniceanu Commune
6%
Tulcea Mihail Kogălniceanu Commune
6%
Bacău Moineşti Municipality
6%
Dâmbovița Moreni Municipality
6%
Dâmbovița Moroeni Commune
6%
Galați Munteni Commune
6%
Bacău Oituz Commune
6%
Hunedoara Orăştie Municipality
6%
Suceava Putna Commune
6%
Bihor Roşia Commune
6%
Sibiu Roşia Commune
6%
Argeș Rucăr Commune
6%
Brașov Săcele Municipality
6%
Constanța Săcele Commune
6%
Bihor Sâmbăta Commune
6%
Dolj Secu Commune
6%
Sibiu Şelimbăr Commune
6%
Mureș Târnăveni Municipality
6%
Argeș Teiu Commune
6%
Ilfov Tunari Commune
6%
Constanța Tuzla Commune
6%
Galați Vânatori Commune
6%
Iași Vânători Commune
6%
Mehedinți Vânători Commune
6%
Mureș Vânători Commune
6%
Vrancea Vânători Commune
6%
Alba Vidra Commune
6%
Ilfov Vidra Commune
6%
Vrancea Vidra Commune
6%
Constanța Agigea Commune
5%
Argeș Aninoasa Commune
5%
Dâmbovița Aninoasa Commune
5%
Gorj Aninoasa Commune
5%
Argeș Arefu Commune
5%
Alba Avram Iancu Commune
5%
Bihor Avram Iancu Commune
5%
Cluj Baciu Commune
5%
Neamț Bahna Commune
5%
Mureș Bahnea Commune
5%
Dolj Băileşti Municipality
5%
Bihor Balc Commune
5%
Caraș-Severin Bănia Commune
5%
Arad Bârsa Commune
5%
Timiș Beba Veche Commune
5%
Teleorman Beuca Commune
5%
Brașov Bod Commune
5%
Buzău Breaza Commune
5%
Mureș Breaza Commune
5%
Suceava Breaza Commune
5%
Alba Bucium Commune
5%
Prahova Bucov Commune
5%
Buzău Buda Commune
5%
Bistrița-Năsăud Budeşti Commune
5%
Maramureș Budeşti Commune
5%
Vâlcea Budeşti Commune
5%
Argeș Călineşti Commune
5%
Maramureș Călineşti Commune
5%
Teleorman Călineşti Commune
5%
Bistrița-Năsăud Cetate Commune
5%
Dolj Cetate Commune
5%
Brașov Comana Commune
5%
Constanța Comana Commune
5%
Giurgiu Comana Commune
5%
Argeș Corbi Commune
5%
Buzău Costeşti Commune
5%
Iași Costeşti Commune
5%
Vâlcea Costeşti Commune
5%
Vaslui Costeşti Commune
5%
Tulcea Crişan Commune
5%
Vâlcea Drăgăşani Municipality
5%
Arad Fântânele Commune
5%
Constanța Fântânele Commune
5%
Iași Fântânele Commune
5%
Mureș Fântânele Commune
5%
Prahova Fântânele Commune
5%
Suceava Fântânele Commune
5%
Teleorman Fântânele Commune
5%
Dolj Izvoare Commune
5%
Giurgiu Izvoarele Commune
5%
Olt Izvoarele Commune
5%
Prahova Izvoarele Commune
5%
Teleorman Izvoarele Commune
5%
Tulcea Izvoarele Commune
5%
Dâmbovița Lehliu Commune
5%
Arad Livada Commune
5%
Bacău Măgura Commune
5%
Buzău Măgura Commune
5%
Teleorman Măgura Commune
5%
Botoșani Mihai Eminescu Commune
5%
Iași Miroslava Commune
5%
Ilfov Mogoşoaia Commune
5%
Ialomița Moldoveni Commune
5%
Neamț Moldoveni Commune
5%
Cluj Negreni Commune
5%
Constanța Ostrov Commune
5%
Tulcea Ostrov Commune
5%
Timiș Pădureni Commune
5%
Vaslui Pădureni Commune
5%
Vrancea Paltin Commune
5%
Ilfov Periş Commune
5%
Dâmbovița Petreşti Commune
5%
Satu Mare Petreşti Commune
5%
Botoșani Româneşti Commune
5%
Iași Româneşti Commune
5%
Covasna Sfântul Gheorghe Municipality
5%
Brăila Siliştea Commune
5%
Constanța Siliştea Commune
5%
Teleorman Siliştea Commune
5%
Teleorman Ţigăneşti Commune
5%
Bacău Traian Commune
5%
Brăila Traian Commune
5%
Ialomița Traian Commune
5%
Olt Traian Commune
5%
Teleorman Traian Commune
5%
Alba Unirea Commune
5%
Brăila Unirea Commune
5%
Dâmbovița Unirea Commune
5%
Dolj Unirea Commune
5%
Covasna Valea Mare Commune
5%
Dâmbovița Valea Mare Commune
5%
Olt Valea Mare Commune
5%
Vâlcea Valea Mare Commune
5%
Bihor Viişoara Commune
5%
Botoșani Viişoara Commune
5%
Cluj Viişoara Commune
5%
Mureș Viişoara Commune
5%
Teleorman Viişoara Commune
5%
Vaslui Viişoara Commune
5%
Buzău Zărneşti Commune
5%
Ilfov 1 Decembrie Commune
4%
Constanța 23 August Commune
4%
Gorj Albeni Commune
4%
Arad Almaş Commune
4%
Cluj Apahida Commune
4%
Galați Băneasa Commune
4%
Giurgiu Băneasa Commune
4%
Arad Bata Commune
4%
Timiș Bogda Commune
4%
Dâmbovița Borcea Commune
4%
Dâmbovița Brăneşti Commune
4%
Gorj Brăneşti Commune
4%
Ilfov Brăneşti Commune
4%
Prahova Brazi Commune
4%
Mehedinți Broşteni Commune
4%
Vrancea Broşteni Commune
4%
Argeș Buzoeşti Commune
4%
Dolj Carpen Commune
4%
Timiș Cenad Commune
4%
Ilfov Ciorogârla Commune
4%
Ilfov Clinceni Commune
4%
Ilfov Corbeanca Commune
4%
Gorj Crasna Commune
4%
Sălaj Crasna Commune
4%
Dâmbovița Crevedia Commune
4%
Botoșani Cristeşti Commune
4%
Iași Cristeşti Commune
4%
Mureș Cristeşti Commune
4%
Constanța Cumpăna Commune
4%
Constanța Cuza Voda Commune
4%
Dâmbovița Cuza Vodă Commune
4%
Galați Cuza Voda Commune
4%
Argeș Dârmăneşti Commune
4%
Dâmbovița Dărmăneşti Commune
4%
Suceava Dărmăneşti Commune
4%
Argeș Dobreşti Commune
4%
Bihor Dobreşti Commune
4%
Dolj Dobreşti Commune
4%
Sălaj Dragu Commune
4%
Brașov Feldioara Commune
4%
Brașov Fundata Commune
4%
Dâmbovița Fundeni Commune
4%
Galați Fundeni Commune
4%
Timiș Giroc Commune
4%
Olt Ianca Commune
4%
Dolj Întorsura Commune
4%
Neamț Ion Creanga Commune
4%
Gorj Ioneşti Commune
4%
Vâlcea Ioneşti Commune
4%
Olt Ipoteşti Commune
4%
Suceava Ipoteşti Commune
4%
Ilfov Jilava Commune
4%
Maramureș Lăpuş Commune
4%
Vaslui Laza Commune
4%
Argeș Lereşti Commune
4%
Constanța Limanu Commune
4%
Brașov Lisa Commune
4%
Teleorman Lisa Commune
4%
Bacău Livezi Commune
4%
Vâlcea Livezi Commune
4%
Prahova Măgurele Commune
4%
Giurgiu Malu Commune
4%
Constanța Mereni Commune
4%
Covasna Mereni Commune
4%
Teleorman Mereni Commune
4%
Buzău Mihăileşti Commune
4%
Brașov Moieciu Commune
4%
Suceava Moldoviţa Commune
4%
Bacău Nicolae Bălcescu Commune
4%
Constanța Nicolae Bălcescu Commune
4%
Dâmbovița Nicolae Bălcescu Commune
4%
Vâlcea Nicolae Bălcescu Commune
4%
Dâmbovița Nucet Commune
4%
Harghita Oraş Borsec Commune
4%
Constanța Oraş Cernavoda Commune
4%
Sibiu Oraş Cisnădie Commune
4%
Constanța Oraş Năvodari Commune
4%
Brașov Oraş Predeal Commune
4%
Brașov Oraş Râşnov Commune
4%
Prahova Oraş Sinaia Commune
4%
Tulcea Oraş Sulina Commune
4%
Bihor Pietroasa Commune
4%
Timiș Pietroasa Commune
4%
Cluj Poieni Commune
4%
Harghita Praid Commune
4%
Giurgiu Prundu Commune
4%
Hunedoara Pui Commune
4%
Argeș Raca Commune
4%
Brăila Racoviţa Commune
4%
Sibiu Racoviţa Commune
4%
Timiș Racoviţa Commune
4%
Vâlcea Racoviţa Commune
4%
Argeș Recea Commune
4%
Brașov Recea Commune
4%
Maramureș Recea Commune
4%
Bihor Remetea Commune
4%
Harghita Remetea Commune
4%
Neamț Români Commune
4%
Teleorman Roşiori de Vede Municipality
4%
Sălaj Sâg Commune
4%
Timiș Şag Commune
4%
Mehedinți Salcia Commune
4%
Prahova Salcia Commune
4%
Teleorman Salcia Commune
4%
Brașov Sambata de Sus Commune
4%
Bihor Sânmartin Commune
4%
Cluj Sânmărtin Commune
4%
Harghita Sânmartin Commune
4%
Brașov Sânpetru Commune
4%
Maramureș Săpânţa Commune
4%
Harghita Sărmaş Commune
4%
Cluj Sic Commune
4%
Sibiu Târnava Commune
4%
Buzău Ulmeni Commune
4%
Dâmbovița Ulmeni Commune
4%
Bacău Ungureni Commune
4%
Botoșani Ungureni Commune
4%
Constanța Valu Lui Traian Commune
4%
Argeș Vedea Commune
4%
Giurgiu Vedea Commune
4%
Teleorman Vedea Commune
4%
Botoșani Vlădeni Commune
4%
Dâmbovița Vlădeni Commune
4%
Ialomița Vlădeni Commune
4%
Iași Vlădeni Commune
4%
Hunedoara Zam Commune
4%
Prahova Adunaţi Commune
3%
Argeș Albeştii de Argeş Commune
3%
Argeș Albota Commune
3%
Neamț Alexandru cel Bun Commune
3%
Cluj Aluniş Commune
3%
Mureș Aluniş Commune
3%
Prahova Aluniş Commune
3%
Alba Arieşeni Commune
3%
Brașov Augustin Commune
3%
Teleorman Balaci Commune
3%
Gorj Bâlteni Commune
3%
Olt Bălţeni Commune
3%
Vaslui Bălteni Commune
3%
Olt Bârza Commune
3%
Argeș Bascov Commune
3%
Bihor Biharia Commune
3%
Vaslui Bîrlad Municipality
3%
Alba Bistra Commune
3%
Maramureș Bistra Commune
3%
Sălaj Bocşa Commune
3%
Mureș Bogata Commune
3%
Sibiu Boita Commune
3%
Giurgiu Bolintin-Deal Commune
3%
Sibiu Brădeni Commune
3%
Dolj Brădeşti Commune
3%
Harghita Brădeşti Commune
3%
Bihor Bulz Commune
3%
Brașov Buneşti Commune
3%
Suceava Buneşti Commune
3%
Vâlcea Buneşti Commune
3%
Vâlcea Câineni Commune
3%
Giurgiu Calugăreni Commune
3%
Prahova Călugăreni Commune
3%
Bihor Căpâlna Commune
3%
Buzău C.A. Rosetti Commune
3%
Tulcea C.A. Rosetti Commune
3%
Harghita Cârţa Commune
3%
Sibiu Cârţa Commune
3%
Sibiu Cârţişoara Commune
3%
Mehedinți Căzăneşti Commune
3%
Neamț Ceahlău Commune
3%
Ilfov Cernica Commune
3%
Tulcea Chilia Veche Commune
3%
Bacău Coloneşti Commune
3%
Olt Coloneşti Commune
3%
Ilfov Copăceni Commune
3%
Vâlcea Copăceni Commune
3%
Argeș Corbeni Commune
3%
Constanța Crucea Commune
3%
Suceava Crucea Commune
3%
Argeș Cuca Commune
3%
Galați Cuca Commune
3%
Alba Cut Commune
3%
Giurgiu Daia Commune
3%
Argeș Dâmbovicioara Commune
3%
Mureș Daneş Commune
3%
Constanța Deleni Commune
3%
Iași Deleni Commune
3%
Vaslui Deleni Commune
3%
Dâmbovița Dobra Commune
3%
Hunedoara Dobra Commune
3%
Sălaj Dobrin Commune
3%
Prahova Dumbrăveşti Commune
3%
Neamț Făurei Commune
3%
Cluj Feleacu Commune
3%
Bacău Filipeşti Commune
3%
Cluj Frata Commune
3%
Harghita Frumoasa Commune
3%
Teleorman Frumoasa Commune
3%
Dâmbovița Frumuşani Commune
3%
Giurgiu Ghimpaţi Commune
3%
Timiș Giarmata Commune
3%
Cluj Gilău Commune
3%
Maramureș Giuleşti Commune
3%
Vâlcea Goleşti Commune
3%
Vrancea Goleşti Commune
3%
Constanța Grădina Commune
3%
Brăila Gradiştea Commune
3%
Dâmbovița Grădiştea Commune
3%
Ilfov Grădiştea Commune
3%
Vâlcea Grădiştea Commune
3%
Mehedinți Greci Commune
3%
Tulcea Greci Commune
3%
Brașov Hărman Commune
3%
Sibiu Iacobeni Commune
3%
Suceava Iacobeni Commune
3%
Covasna Ilieni Commune
3%
Constanța Independenţa Commune
3%
Dâmbovița Independenţa Commune
3%
Galați Independenţa Commune
3%
Tulcea Jurilovca Commune
3%
Sălaj Letca Commune
3%
Alba Livezile Commune
3%
Bistrița-Năsăud Livezile Commune
3%
Mehedinți Livezile Commune
3%
Timiș Livezile Commune
3%
Cluj Luna Commune
3%
Bihor Mădăras Commune
3%
Harghita Mădăraş Commune
3%
Mureș Madaraş Commune
3%
Tulcea Mahmudia Commune
3%
Bistrița-Năsăud Maieru Commune
3%
Dâmbovița Mânăstirea Commune
3%
Brașov Mândra Commune
3%
Argeș Mărăcineni Commune
3%
Buzău Mărăcineni Commune
3%
Bacău Mărgineni Commune
3%
Neamț Mărgineni Commune
3%
Argeș Merişani Commune
3%
Cluj Mica Commune
3%
Mureș Mica Commune
3%
Giurgiu Mihai Bravu Commune
3%
Tulcea Mihai Bravu Commune
3%
Botoșani Mihăileni Commune
3%
Harghita Mihăileni Commune
3%
Sibiu Mihăileni Commune
3%
Iași Mirceşti Commune
3%
Argeș Miroşi Commune
3%
Suceava Moara Commune
3%
Cluj Moldoveneşti Commune
3%
Timiș Moraviţa Commune
3%
Ialomița Movila Commune
3%
Galați Movileni Commune
3%
Iași Movileni Commune
3%
Olt Movileni Commune
3%
Tulcea Murighiol Commune
3%
Bacău Negri Commune
3%
Argeș Nucşoara Commune
3%
Bacău Odobesti Commune
3%
Dâmbovița Odobeşti Commune
3%
Alba Oraş Abrud Commune
3%
Ilfov Oraş Buftea Commune
3%
Ilfov Oraş Chitila Commune
3%
Sibiu Oraş Copşa Mică Commune
3%
Olt Oraş Corabia Commune
3%
Argeș Oraş Costeşti Commune
3%
Covasna Oraş Covasna Commune
3%
Alba Oraş Cugir Commune
3%
Dolj Oraş Dăbuleni Commune
3%
Constanța Oraş Eforie Commune
3%
Dâmbovița Oraş Găeşti Commune
3%
Brașov Oraş Ghimbav Commune
3%
Argeș Oraş Mioveni Commune
3%
Prahova Oraş Mizil Commune
3%
Arad Oraş Nădlac Commune
3%
Bistrița-Năsăud Oraş Năsăud Commune
3%
Ilfov Oraş Otopeni Commune
3%
Ilfov Oraş Pantelimon Commune
3%
Ilfov Oraş Popeşti Leordeni Commune
3%
Sibiu Oraş Sălişte Commune
3%
Suceava Oraş Siret Commune
3%
Argeș Oraş Ştefăneşti Commune
3%
Botoșani Oraş Ştefăneşti Commune
3%
Iași Oraş Târgu Frumos Commune
3%
Dâmbovița Oraş Titu Commune
3%
Argeș Oraş Topoloveni Commune
3%
Brașov Oraş Victoria Commune
3%
Ilfov Oraş Voluntari Commune
3%
Teleorman Oraş Zimnicea Commune
3%
Botoșani Păltiniş Commune
3%
Caraș-Severin Păltiniş Commune
3%
Prahova Păuleşti Commune
3%
Satu Mare Păuleşti Commune
3%
Vrancea Pauleşti Commune
3%
Dolj Pieleşti Commune
3%
Satu Mare Pir Commune
3%
Neamț Poienari Commune
3%
Brașov Prejmer Commune
3%
Sibiu Răşinari Commune
3%
Bistrița-Năsăud Rodna Commune
3%
Vâlcea Roeşti Commune
3%
Dâmbovița Runcu Commune
3%
Gorj Runcu Commune
3%
Vâlcea Runcu Commune
3%
Caraș-Severin Sacu Commune
3%
Alba Săliştea Commune
3%
Bihor Sârbi Commune
3%
Ialomița Săveni Commune
3%
Giurgiu Schitu Commune
3%
Olt Schitu Commune
3%
Olt Seaca Commune
3%
Teleorman Seaca Commune
3%
Bacău Secuieni Commune
3%
Harghita Secuieni Commune
3%
Neamț Secuieni Commune
3%
Teleorman Siliştea-Gumeşti Commune
3%
Bistrița-Năsăud Spermezeu Commune
3%
Giurgiu Stăneşti Commune
3%
Gorj Stăneşti Commune
3%
Vâlcea Stăneşti Commune
3%
Teleorman Stejaru Commune
3%
Tulcea Stejaru Commune
3%
Suceava Suceviţa Commune
3%
Argeș Şuici Commune
3%
Sibiu Şura Mare Commune
3%
Sibiu Şura Mica Commune
3%
Argeș Suseni Commune
3%
Harghita Suseni Commune
3%
Mureș Suseni Commune
3%
Brașov Tărlungeni Commune
3%
Bihor Tileagd Commune
3%
Harghita Tomeşti Commune
3%
Hunedoara Tomeşti Commune
3%
Iași Tomeşti Commune
3%
Timiș Tomeşti Commune
3%
Brăila Tudor Vladimirescu Commune
3%
Galați Tudor Vladimirescu Commune
3%
Harghita Tuşnad Commune
3%
Brașov Ucea Commune
3%
Covasna Vâlcele Commune
3%
Olt Vâlcele Commune
3%
Argeș Valea Iaşului Commune
3%
Alba Valea Lungă Commune
3%
Dâmbovița Valea Lungă Commune
3%
Brașov Vama Buzăului Commune
3%
Suceava Vicovu de Jos Commune
3%
Maramureș Vişeu de Jos Commune
3%
Brașov Viştea Commune
3%
Gorj Vladimir Commune
3%
Dâmbovița Vlad Ţepeş Commune
3%
Olt Voineasa Commune
3%
Vâlcea Voineasa Commune
3%
Bacău Vultureni Commune
3%
Cluj Vultureni Commune
3%
Argeș Vultureşti Commune
3%
Olt Vultureşti Commune
3%
Suceava Vultureşti Commune
3%
Vaslui Vultureşti Commune
3%
Bihor Abram Commune
2%
Constanța Adamclisi Commune
2%
Ialomița Adâncata Commune
2%
Suceava Adâncata Commune
2%
Alba Albac Commune
2%
Argeș Albeştii de Muscel Commune
2%
Sălaj Almaşu Commune
2%
Alba Almaşu Mare Commune
2%
Vâlcea Alunu Commune
2%
Brașov Apaţa Commune
2%
Mureș Apold Commune
2%
Sibiu Apoldu de Jos Commune
2%
Sibiu Arpaşu de Jos Commune
2%
Bacău Asău Commune
2%
Bihor Aştileu Commune
2%
Sibiu Aţel Commune
2%
Bihor Auşeu Commune
2%
Sibiu Axente Sever Commune
2%
Argeș Băbana Commune
2%
Sălaj Băbeni Commune
2%
Vaslui Băceşti Commune
2%
Gorj Baia de Fier Commune
2%
Argeș Băiculeşti Commune
2%
Cluj Băişoara Commune
2%
Sălaj Bălan Commune
2%
Dâmbovița Băleni Commune
2%
Galați Băleni Commune
2%
Gorj Băleşti Commune
2%
Vrancea Băleşti Commune
2%
Buzău Balta Albă Commune
2%
Prahova Bălţeşti Commune
2%
Prahova Băneşti Commune
2%
Ialomița Bărcăneşti Commune
2%
Prahova Bărcăneşti Commune
2%
Maramureș Bârsana Commune
2%
Bihor Batăr Commune
2%
Sibiu Bazna Commune
2%
Cluj Beliş Commune
2%
Sibiu Biertan Commune
2%
Harghita Bilbor Commune
2%
Covasna Bixad Commune
2%
Satu Mare Bixad Commune
2%
Alba Blandiana Commune
2%
Argeș Bogaţi Commune
2%
Teleorman Bogdana Commune
2%
Vaslui Bogdana Commune
2%
Bacău Bogdăneşti Commune
2%
Suceava Bogdăneşti Commune
2%
Vaslui Bogdăneşti Commune
2%
Cluj Bonţida Commune
2%
Neamț Borca Commune
2%
Bihor Borod Commune
2%
Argeș Boteni Commune
2%
Argeș Boţeşti Commune
2%
Neamț Boteşti Commune
2%
Vaslui Boţeşti Commune
2%
Satu Mare Botiz Commune
2%
Covasna Brăduţ Commune
2%
Bistrița-Năsăud Braniştea Commune
2%
Dâmbovița Braniştea Commune
2%
Galați Braniştea Commune
2%
Mehedinți Braniştea Commune
2%
Bihor Bratca Commune
2%
Sibiu Brateiu Commune
2%
Covasna Brateş Commune
2%
Arad Brazii Commune
2%
Caraș-Severin Brebu Commune
2%
Prahova Brebu Commune
2%
Covasna Breţcu Commune
2%
Bihor Brusturi Commune
2%
Neamț Brusturi Commune
2%
Alba Bucerdea Grânoasă Commune
2%
Dâmbovița Buciumeni Commune
2%
Galați Buciumeni Commune
2%
Argeș Budeasa Commune
2%
Brașov Budila Commune
2%
Bihor Budureasa Commune
2%
Argeș Bughea de Jos Commune
2%
Argeș Bughea de Sus Commune
2%
Teleorman Bujoreni Commune
2%
Vâlcea Bujoreni Commune
2%
Bihor Căbeşti Commune
2%
Suceava Cacica Commune
2%
Alba Câlnic Commune
2%
Gorj Câlnic Commune
2%
Bihor Câmpani Commune
2%
Botoșani Cândesti Commune
2%
Dâmbovița Cândeşti Commune
2%
Neamț Cândeşti Commune
2%
Prahova Cărbuneşti Commune
2%
Suceava Cârlibaba Commune
2%
Timiș Cărpiniş Commune
2%
Tulcea Casimcea Commune
2%
Bacău Caşin Commune
2%
Constanța Castelu Commune
2%
Covasna Catalina Commune
2%
Dolj Catane Commune
2%
Argeș Căteasca Commune
2%
Tulcea Ceatalchioi Commune
2%
Bihor Cefa Commune
2%
Bihor Ceica Commune
2%
Argeș Cepari Commune
2%
Covasna Cernat Commune
2%
Alba Cetatea de Baltă Commune
2%
Cluj Chinteni Commune
2%
Argeș Cicăneşti Commune
2%
Brașov Cincu Commune
2%
Dâmbovița Ciocăneşti Commune
2%
Dâmbovița Ciocăneşti Commune
2%
Suceava Ciocaneşti Commune
2%
Argeș Ciofrângeni Commune
2%
Ilfov Ciolpani Commune
2%
Argeș Ciomăgeşti Commune
2%
Cluj Ciucea Commune
2%
Alba Ciugud Commune
2%
Ialomița Ciulniţa Commune
2%
Gorj Ciuperceni Commune
2%
Teleorman Ciuperceni Commune
2%
Alba Ciuruleasa Commune
2%
Bacău Cleja Commune
2%
Constanța Cobadin Commune
2%
Constanța Cogealac Commune
2%
Dâmbovița Conţeşti Commune
2%
Teleorman Conţeşti Commune
2%
Bihor Copăcel Commune
2%
Cluj Corneşti Commune
2%
Dâmbovița Corneşti Commune
2%
Ilfov Cornetu Commune
2%
Prahova Cornu Commune
2%
Galați Corod Commune
2%
Harghita Corund Commune
2%
Argeș Coşeşti Commune
2%
Galați Cosmeşti Commune
2%
Teleorman Cosmeşti Commune
2%
Argeș Cotmeana Commune
2%
Iași Cotnari Commune
2%
Olt Crâmpoia Commune
2%
Sălaj Crişeni Commune
2%
Brașov Crizbav Commune
2%
Tulcea Dăeni Commune
2%
Gorj Dăneşti Commune
2%
Harghita Dăneşti Commune
2%
Vaslui Dăneşti Commune
2%
Ilfov Dascălu Commune
2%
Argeș Davideşti Commune
2%
Mureș Deda Commune
2%
Vaslui Deleşti Commune
2%
Timiș Denta Commune
2%
Mehedinți Devesel Commune
2%
Olt Deveselu Commune
2%
Bihor Diosig Commune
2%
Harghita Ditrău Commune
2%
Satu Mare Doba Commune
2%
Neamț Dobreni Commune
2%
Constanța Dobromir Commune
2%
Arad Dorobanţi Commune
2%
Dâmbovița Dorobanţu Commune
2%
Tulcea Dorobanţu Commune
2%
Alba Doştat Commune
2%
Ialomița Drăgoeşti Commune
2%
Vâlcea Drăgoeşti Commune
2%
Argeș Dragoslavele Commune
2%
Botoșani Drăguşeni Commune
2%
Galați Drăguşeni Commune
2%
Iași Draguşeni Commune
2%
Suceava Drăguşeni Commune
2%
Brăila Dudeşti Commune
2%
Neamț Dulceşti Commune
2%
Bistrița-Năsăud Dumitra Commune
2%
Alba Fărău Commune
2%
Dolj Fărcaş Commune
2%
Bacău Filipeni Commune
2%
Dâmbovița Frăsinet Commune
2%
Teleorman Frăsinet Commune
2%
Brăila Frecăţei Commune
2%
Tulcea Frecăţei Commune
2%
Arad Frumuşeni Commune
2%
Bistrița-Năsăud Galaţii Bistriţei Commune
2%
Alba Galda de Jos Commune
2%
Ilfov Găneasa Commune
2%
Olt Găneasa Commune
2%
Alba Gârbova Commune
2%
Alba Gârda de Sus Commune
2%
Bacău Gârleni Commune
2%
Botoșani George Enescu Commune
2%
Ialomița Gheorghe Doja Commune
2%
Mureș Gheorghe Doja Commune
2%
Bacău Ghimeş-Făget Commune
2%
Timiș Ghiroda Commune
2%
Ialomița Giurgeni Commune
2%
Ilfov Glina Commune
2%
Dâmbovița Glodeni Commune
2%
Mureș Glodeni Commune
2%
Caraș-Severin Grădinari Commune
2%
Giurgiu Grădinari Commune
2%
Olt Grădinari Commune
2%
Ialomița Grindu Commune
2%
Tulcea Grindu Commune
2%
Galați Griviţa Commune
2%
Ialomița Griviţa Commune
2%
Vaslui Griviţa Commune
2%
Ilfov Gruiu Commune
2%
Arad Gurahonţ Commune
2%
Sibiu Gura Râului Commune
2%
Brașov Hălchiu Commune
2%
Satu Mare Halmeu Commune
2%
Argeș Hârtieşti Commune
2%
Sălaj Hida Commune
2%
Bihor Hidişelu de Sus Commune
2%
Brașov Hoghiz Commune
2%
Bihor Holod Commune
2%
Brașov Homorod Commune
2%
Alba Horea Commune
2%
Bihor Husasău de Tinca Commune
2%
Cluj Iara Commune
2%
Tulcea I.C.Brătianu Commune
2%
Alba Ighiu Commune
2%
Dâmbovița I. L. Caragiale Commune
2%
Hunedoara Ilia Commune
2%
Teleorman Islaz Commune
2%
Constanța Istria Commune
2%
Timiș Jebel Commune
2%
Brașov Jibert Commune
2%
Alba Jidvei Commune
2%
Tulcea Jijila Commune
2%
Sibiu Jina Commune
2%
Harghita Joseni Commune
2%
Cluj Jucu Commune
2%
Gorj Jupâneşti Commune
2%
Sibiu Laslea Commune
2%
Bihor Lăzăreni Commune
2%
Satu Mare Lazuri Commune
2%
Bistrița-Năsăud Lechinţa Commune
2%
Covasna Lemnia Commune
2%
Iași Leţcani Commune
2%
Dolj Leu Commune
2%
Galați Lieşti Commune
2%
Sibiu Loamneş Commune
2%
Constanța Lumina Commune
2%
Argeș Lunca Corbului Commune
2%
Harghita Lunca de Jos Commune
2%
Harghita Lunca de Sus Commune
2%
Alba Lunca Mureşului Commune
2%
Alba Lupşa Commune
2%
Vâlcea Măciuca Commune
2%
Brașov Măieruş Commune
2%
Argeș Mălureni Commune
2%
Caraș-Severin Marga Commune
2%
Timiș Margina Commune
2%
Suceava Marginea Commune
2%
Cluj Mărişel Commune
2%
Sibiu Marpod Commune
2%
Giurgiu Mârşa Commune
2%
Galați Matca Commune
2%
Bistrița-Năsăud Matei Commune
2%
Caraș-Severin Mehadia Commune
2%
Harghita Mereşti Commune
2%
Sibiu Merghindeal Commune
2%
Sibiu Micăsasa Commune
2%
Argeș Miceşti Commune
2%
Argeș Mihăeşti Commune
2%
Olt Mihăeşti Commune
2%
Vâlcea Mihăeşti Commune
2%
Alba Mihalţ Commune
2%
Olt Milcov Commune
2%
Alba Mirăslău Commune
2%
Brăila Mircea Voda Commune
2%
Constanța Mircea Vodă Commune
2%
Botoșani Mitoc Commune
2%
Argeș Morăreşti Commune
2%
Iași Moşna Commune
2%
Sibiu Moşna Commune
2%
Argeș Moşoaia Commune
2%
Argeș Muşăteşti Commune
2%
Sibiu Nocrich Commune
2%
Bihor Nojorid Commune
2%
Alba Noşlac Commune
2%
Tulcea Nufăru Commune
2%
Galați Oancea Commune
2%
Argeș Oarja Commune
2%
Maramureș Ocna Şugatag Commune
2%
Alba Ocoliş Commune
2%
Mureș Ogra Commune
2%
Alba Ohaba Commune
2%
Bacău Onceşti Commune
2%
Maramureș Onceşti Commune
2%
Sibiu Oraş Agnita Commune
2%
Ialomița Oraş Amara Commune
2%
Sibiu Oraş Avrig Commune
2%
Prahova Oraş Azuga Commune
2%
Maramureș Oraş Baia Sprie Commune
2%
Prahova Oraş Băicoi Commune
2%
Caraș-Severin Oraş Băile Herculane Commune
2%
Harghita Oraş Băile Tuşnad Commune
2%
Covasna Oraş Baraolt Commune
2%
Bistrița-Năsăud Oraş Beclean Commune
2%
Neamț Oraş Bicaz Commune
2%
Giurgiu Oraş Bolintin-Vale Commune
2%
Ilfov Oraş Bragadiru Commune
2%
Bacău Oraş Buhuşi Commune
2%
Prahova Oraş Buşteni Commune
2%
Vâlcea Oraş Călimăneşti Commune
2%
Arad Oraş Chişineu-Criş Commune
2%
Prahova Oraş Comarnic Commune
2%
Sibiu Oraş Dumbrăveni Commune
2%
Timiș Oraş Făget Commune
2%
Dolj Oraş Filiaşi Commune
2%
Suceava Oraş Gura Humorului Commune
2%
Constanța Oraş Hârşova Commune
2%
Hunedoara Oraş Haţeg Commune
2%
Vâlcea Oraş Horezu Commune
2%
Cluj Oraş Huedin Commune
2%
Covasna Oraş Întorsura Buzăului Commune
2%
Timiș Oraş Jimbolia Commune
2%
Arad Oraş Lipova Commune
2%
Mureș Oraş Luduş Commune
2%
Tulcea Oraş Măcin Commune
2%
Vrancea Oraş Mărăşeşti Commune
2%
Sibiu Oraş Miercurea Sibiului Commune
2%
Vaslui Oraş Negreşti Commune
2%
Satu Mare Oraş Negreşti-Oaş Commune
2%
Constanța Oraş Negru Vodă Commune
2%
Buzău Oraş Nehoiu Commune
2%
Bihor Oraş Nucet Commune
2%
Sibiu Oraş Ocna Sibiului Commune
2%
Caraș-Severin Oraş Oraviţa Commune
2%
Constanța Oraş Ovidiu Commune
2%
Hunedoara Oraş Petrila Commune
2%
Olt Oraş Piatra-Olt Commune
2%
Iași Oraş Podu Iloaiei Commune
2%
Dâmbovița Oraş Pucioasa Commune
2%
Gorj Oraş Rovinari Commune
2%
Brașov Oraş Rupea Commune
2%
Timiș Oraş Sânnicolau Mare Commune
2%
Olt Oraş Scorniceşti Commune
2%
Hunedoara Oraş Simeria Commune
2%
Sălaj Oraş Şimleu Silvaniei Commune
2%
Prahova Oraş Slănic Commune
2%
Bacău Oraş Slănic Moldova Commune
2%
Mureș Oraş Sovata Commune
2%
Bihor Oraş Ştei Commune
2%
Sibiu Oraş Tălmaciu Commune
2%
Ialomița Oraş Ţăndărei Commune
2%
Maramureș Oraş Târgu Lăpuş Commune
2%
Neamț Oraş Târgu Neamţ Commune
2%
Bacău Oraş Târgu Ocna Commune
2%
Alba Oraş Teiuş Commune
2%
Gorj Oraş Tismana Commune
2%
Hunedoara Oraş Uricani Commune
2%
Teleorman Oraş Videle Commune
2%
Maramureș Oraş Vişeu de Sus Commune
2%
Brașov Oraş Zărneşti Commune
2%
Sibiu Orlat Commune
2%
Brașov Ormeniş Commune
2%
Bihor Oşorhei Commune
2%
Dolj Ostroveni Commune
2%
Iași Oţeleni Commune
2%
Covasna Ozun Commune
2%
Bacău Palanca Commune
2%
Bihor Paleu Commune
2%
Galați Pechea Commune
2%
Timiș Periam Commune
2%
Constanța Peştera Commune
2%
Arad Petriş Commune
2%
Alba Pianu Commune
2%
Buzău Pietroasele Commune
2%
Argeș Pietroşani Commune
2%
Teleorman Pietroşani Commune
2%
Galați Piscu Commune
2%
Prahova Plopu Commune
2%
Constanța Poarta Albă Commune
2%
Mehedinți Podeni Commune
2%
Bacău Podu Turcului Commune
2%
Argeș Poiana Lacului Commune
2%
Brașov Poiana Mărului Commune
2%
Sibiu Poiana Sibiului Commune
2%
Sibiu Poplaca Commune
2%
Sibiu Porumbacu de Jos Commune
2%
Harghita Porumbeni Commune
2%
Satu Mare Porumbeşti Commune
2%
Argeș Priboieni Commune
2%
Bistrița-Năsăud Prundu Bârgăului Commune
2%
Dâmbovița Pucheni Commune
2%
Brașov Racoş Commune
2%
Alba Rădeşti Commune
2%
Galați Rădesti Commune
2%
Alba Râmeţ Commune
2%
Suceava Râşca Commune
2%
Dolj Rast Commune
2%
Argeș Răteşti Commune
2%
Sibiu Râu Sadului Commune
2%
Neamț Războieni Commune
2%
Maramureș Remeţi Commune
2%
Alba Roşia Montană Commune
2%
Olt Rotunda Commune
2%
Iași Ruginoasa Commune
2%
Neamț Ruginoasa Commune
2%
Neamț Săbăoani Commune
2%
Bihor Săcădat Commune
2%
Sibiu Sadu Commune
2%
Bihor Sălard Commune
2%
Argeș Sălătrucu Commune
2%
Dâmbovița Sălcioara Commune
2%
Ialomița Sălcioara Commune
2%
Alba Sălciua Commune
2%
Cluj Sânpaul Commune
2%
Mureș Sânpaul Commune
2%
Bihor Sântandrei Commune
2%
Alba Sântimbru Commune
2%
Harghita Sântimbru Commune
2%
Bacău Sărata Commune
2%
Ialomița Sărateni Commune
2%
Mureș Sărăţeni Commune
2%
Teleorman Sârbeni Commune
2%
Hunedoara Sarmizegetusa Commune
2%
Buzău Săruleşti Commune
2%
Dâmbovița Săruleşti Commune
2%
Mureș Saschiz Commune
2%
Arad Săvârşin Commune
2%
Alba Scărişoara Commune
2%
Olt Scărişoara Commune
2%
Sibiu Şeica Mare Commune
2%
Sibiu Şeica Mica Commune
2%
Olt Şerbăneşti Commune
2%
Bistrița-Năsăud Şieu Commune
2%
Maramureș Şieu Commune
2%
Bihor Şimian Commune
2%
Mehedinți Şimian Commune
2%
Brașov Şinca Commune
2%
Ialomița Sineşti Commune
2%
Iași Sineşti Commune
2%
Vâlcea Sineşti Commune
2%
Arad Şiria Commune
2%
Buzău Siriu Commune
2%
Covasna Sita Buzăului Commune
2%
Olt Slătioara Commune
2%
Vâlcea Slătioara Commune
2%
Tulcea Slava Cercheză Commune
2%
Sibiu Slimnic Commune
2%
Galați Smârdan Commune
2%
Tulcea Smârdan Commune
2%
Alba Sohodol Commune
2%
Bihor Şoimi Commune
2%
Alba Şona Commune
2%
Ilfov Ştefăneştii de Jos Commune
2%
Dâmbovița Ştefan Vodă Commune
2%
Argeș Stoeneşti Commune
2%
Giurgiu Stoeneşti Commune
2%
Olt Stoeneşti Commune
2%
Vâlcea Stoeneşti Commune
2%
Argeș Stolnici Commune
2%
Suceava Straja Commune
2%
Alba Stremţ Commune
2%
Mureș Suplac Commune
2%
Bihor Suplacu de Barcău Commune
2%
Bacău Tătărăşti Commune
2%
Arad Tauţ Commune
2%
Neamț Tazlău Commune
2%
Bistrița-Năsăud Teaca Commune
2%
Bistrița-Năsăud Telciu Commune
2%
Brașov Teliu Commune
2%
Argeș Tigveni Commune
2%
Sibiu Tilişca Commune
2%
Bihor Tinca Commune
2%
Argeș Ţiţeşti Commune
2%
Vâlcea Titeşti Commune
2%
Tulcea Topolog Commune
2%
Constanța Topraisar Commune
2%
Botoșani Tudora Commune
2%
Olt Tufeni Commune
2%
Covasna Turia Commune
2%
Sibiu Turnu Roşu Commune
2%
Argeș Uda Commune
2%
Dâmbovița Ulmi Commune
2%
Giurgiu Ulmi Commune
2%
Brăila Ulmu Commune
2%
Dâmbovița Ulmu Commune
2%
Tulcea Văcăreni Commune
2%
Argeș Valea Danului Commune
2%
Iași Valea Lupului Commune
2%
Bacău Valea Seacă Commune
2%
Iași Valea Seacă Commune
2%
Neamț Valea Ursului Commune
2%
Sibiu Valea Viilor Commune
2%
Suceava Vereşti Commune
2%
Arad Vinga Commune
2%
Alba Vinţu de Jos Commune
2%
Dâmbovița Vişina Commune
2%
Olt Vişina Commune
2%
Argeș Vlădeşti Commune
2%
Galați Vlădeşti Commune
2%
Vâlcea Vlădeşti Commune
2%
Arad Vladimirescu Commune
2%
Brașov Voila Commune
2%
Dâmbovița Voineşti Commune
2%
Iași Voineşti Commune
2%
Vaslui Voineşti Commune
2%
Constanța Vulturu Commune
2%
Vrancea Vulturu Commune
2%
Covasna Zăbala Commune
2%
Covasna Zagon Commune
2%
Bihor Abrămuţ Commune
1%
Satu Mare Acâş Commune
1%
Mureș Acăţari Commune
1%
Mureș Adămuş Commune
1%
Giurgiu Adunaţii-Copăceni Commune
1%
Neamț Agapia Commune
1%
Bacău Agăş Commune
1%
Cluj Aghireşu Commune
1%
Satu Mare Agriş Commune
1%
Covasna Aita Mare Commune
1%
Cluj Aiton Commune
1%
Prahova Albeşti-Paleologu Commune
1%
Vaslui Alexandru Vlahuţă Commune
1%
Ialomița Alexeni Commune
1%
Constanța Aliman Commune
1%
Gorj Alimpeşti Commune
1%
Sibiu Alţina Commune
1%
Vâlcea Amărăşti Commune
1%
Dolj Amărăştii de Jos Commune
1%
Dolj Amărăştii de Sus Commune
1%
Buzău Amaru Commune
1%
Constanța Amzacea Commune
1%
Vrancea Andreiaşu de Jos Commune
1%
Satu Mare Andrid Commune
1%
Arad Apateu Commune
1%
Suceava Arbore Commune
1%
Gorj Arcani Commune
1%
Arad Archiş Commune
1%
Covasna Arcuş Commune
1%
Bacău Ardeoani Commune
1%
Maramureș Ardusat Commune
1%
Prahova Ariceştii Rahtivani Commune
1%
Maramureș Ariniş Commune
1%
Cluj Aşchileu Commune
1%
Harghita Atid Commune
1%
Harghita Avrămeşti Commune
1%
Ialomița Axintele Commune
1%
Prahova Baba Ana Commune
1%
Teleorman Băbăiţa Commune
1%
Hunedoara Băcia Commune
1%
Hunedoara Baia de Criş Commune
1%
Hunedoara Băiţa Commune
1%
Maramureș Băiuţ Commune
1%
Galați Bălăbăneşti Commune
1%
Suceava Bălăceana Commune
1%
Gorj Bălăneşti Commune
1%
Mureș Bălăuşeri Commune
1%
Bacău Balcani Commune
1%
Suceava Bălcăuţi Commune
1%
Olt Baldovineşti Commune
1%
Argeș Bălileşti Commune
1%
Timiș Balint Commune
1%
Neamț Bălţăteşti Commune
1%
Iași Bălţaţi Commune
1%
Mureș Band Commune
1%
Timiș Banloc Commune
1%
Constanța Bărăganu Commune
1%
Gorj Bărbăteşti Commune
1%
Vâlcea Bărbăteşti Commune
1%
Ialomița Bărbuleşti Commune
1%
Covasna Barcani Commune
1%
Galați Barcea Commune
1%
Timiș Bârna Commune
1%
Iași Bârnova Commune
1%
Bacău Bârsăneşti Commune
1%
Satu Mare Bârsău Commune
1%
Vrancea Bârseşti Commune
1%
Hunedoara Baru Commune
1%
Arad Bârzava Commune
1%
Maramureș Băseşti Commune
1%
Covasna Băţani Commune
1%
Satu Mare Bătarci Commune
1%
Prahova Bătrâni Commune
1%
Caraș-Severin Băuţar Commune
1%
Timiș Becicherecu Mic Commune
1%
Teleorman Beciu Commune
1%
Tulcea Beidaud Commune
1%
Dâmbovița Belciugatele Commune
1%
Covasna Belin Commune
1%
Arad Beliu Commune
1%
Satu Mare Beltiug Commune
1%
Buzău Berca Commune
1%
Suceava Berchisesti Commune
1%
Mureș Bereni Commune
1%
Bacău Bereşti-Bistriţa Commune
1%
Galați Bereşti-Meria Commune
1%
Bacău Bereşti-Tazlău Commune
1%
Argeș Berevoeşti Commune
1%
Alba Berghin Commune
1%
Vâlcea Berislăveşti Commune
1%
Satu Mare Berveni Commune
1%
Caraș-Severin Berzovia Commune
1%
Bacău Berzunţi Commune
1%
Tulcea Bestepe Commune
1%
Dâmbovița Bezdead Commune
1%
Neamț Bicaz-Chei Commune
1%
Suceava Bilca Commune
1%
Dâmbovița Bilciureşti Commune
1%
Timiș Biled Commune
1%
Arad Birchis Commune
1%
Timiș Birda Commune
1%
Sibiu Bîrghiş Commune
1%
Bistrița-Năsăud Bistriţa Bârgăului Commune
1%
Bacău Blăgeşti Commune
1%
Vaslui Blăgeşti Commune
1%
Sibiu Blăjel Commune
1%
Teleorman Blejeşti Commune
1%
Prahova Blejoi Commune
1%
Cluj Bobâlna Commune
1%
Olt Bobiceşti Commune
1%
Sălaj Bobota Commune
1%
Arad Bocsig Commune
1%
Neamț Bodeşti Commune
1%
Covasna Bodoc Commune
1%
Maramureș Bogdan Vodă Commune
1%
Sălaj Boghis Commune
1%
Bihor Boianu Mare Commune
1%
Maramureș Boiu Mare Commune
1%
Buzău Boldu Commune
1%
Timiș Boldur Commune
1%
Brăila Bordei Verde Commune
1%
Vrancea Bordeşti Commune
1%
Ialomița Borduşani Commune
1%
Neamț Borleşti Commune
1%
Covasna Boroşneu Mare Commune
1%
Suceava Bosanci Commune
1%
Maramureș Botiza Commune
1%
Teleorman Botoroaga Commune
1%
Caraș-Severin Bozovici Commune
1%
Argeș Brăduleţ Commune
1%
Botoșani Brăeşti Commune
1%
Buzău Braesti Commune
1%
Iași Brăeşti Commune
1%
Galați Brăhăşeşti Commune
1%
Teleorman Brânceni Commune
1%
Mureș Brâncoveneşti Commune
1%
Olt Brâncoveni Commune
1%
Olt Brebeni Commune
1%
Dâmbovița Brezoaele Commune
1%
Suceava Brodina Commune
1%
Botoșani Broscăuţi Commune
1%
Sibiu Bruiu Commune
1%
Bacău Brusturoasa Commune
1%
Hunedoara Buceş Commune
1%
Olt Bucinişu Commune
1%
Bacău Buciumi Commune
1%
Sălaj Buciumi Commune
1%
Dolj Bucovăţ Commune
1%
Timiș Bucovăţ Commune
1%
Dâmbovița Bucşani Commune
1%
Giurgiu Bucşani Commune
1%
Hunedoara Bucureşci Commune
1%
Bistrița-Năsăud Budacu de Jos Commune
1%
Bihor Buduslău Commune
1%
Bacău Buhoci Commune
1%
Teleorman Bujoru Commune
1%
Dolj Bulzeşti Commune
1%
Bihor Bunteşti Commune
1%
Suceava Burla Commune
1%
Arad Buteni Commune
1%
Teleorman Buzescu Commune
1%
Cluj Căianu Commune
1%
Bistrița-Năsăud Căianu Mic Commune
1%
Bacău Căiuţi Commune
1%
Suceava Calafindeşti Commune
1%
Cluj Călăţele Commune
1%
Argeș Căldăraru Commune
1%
Satu Mare Călineşti-Oaş Commune
1%
Teleorman Călmăţuiu Commune
1%
Teleorman Călmăţuiu de Sus Commune
1%
Buzău Calvini Commune
1%
Sălaj Camăr Commune
1%
Cluj Cămăraşu Commune
1%
Satu Mare Cămărzana Commune
1%
Satu Mare Camin Commune
1%
Maramureș Câmpulung la Tisa Commune
1%
Vrancea Câmpuri Commune
1%
Harghita Căpâlniţa Commune
1%
Satu Mare Căpleni Commune
1%
Gorj Căpreni Commune
1%
Cluj Căpuşu Mare Commune
1%
Arad Cărand Commune
1%
Caraș-Severin Caraşova Commune
1%
Tulcea Carcaliu Commune
1%
Dolj Cârcea Commune
1%
Olt Cârlogani Commune
1%
Dolj Cârna Commune
1%
Bihor Cărpinet Commune
1%
Dâmbovița Căscioarele Commune
1%
Cluj Căşeiu Commune
1%
Dolj Castranova Commune
1%
Cluj Câţcău Commune
1%
Buzău Cătina Commune
1%
Cluj Cătina Commune
1%
Gorj Cătunele Commune
1%
Brăila Cazasu Commune
1%
Tulcea Ceamurlia de Jos Commune
1%
Cluj Ceanu Mare Commune
1%
Satu Mare Cehal Commune
1%
Dolj Celaru Commune
1%
Alba Cenade Commune
1%
Prahova Ceptura Commune
1%
Dolj Cerăt Commune
1%
Constanța Cerchezu Commune
1%
Alba Cergău Commune
1%
Arad Cermei Commune
1%
Maramureș Cerneşti Commune
1%
Satu Mare Certeze Commune
1%
Alba Ceru-Băcăinţi Commune
1%
Teleorman Cervenia Commune
1%
Bihor Cetariu Commune
1%
Argeș Cetăţeni Commune
1%
Bihor Cherechiu Commune
1%
Mureș Cheţani Commune
1%
Covasna Chichiş Commune
1%
Bistrița-Năsăud Chiochis Commune
1%
Dâmbovița Chirnogi Commune
1%
Sibiu Chirpăr Commune
1%
Brăila Chişcani Commune
1%
Dâmbovița Chiselet Commune
1%
Arad Chisindia Commune
1%
Bihor Chişlaz Commune
1%
Cluj Chiuieşti Commune
1%
Bistrița-Năsăud Chiuza Commune
1%
Maramureș Cicârlău Commune
1%
Harghita Ciceu Commune
1%
Bistrița-Năsăud Ciceu-Giurgeşti Commune
1%
Bistrița-Năsăud Ciceu - Mihaieşti Commune
1%
Caraș-Severin Ciclova Română Commune
1%
Olt Cilieni Commune
1%
Constanța Ciobanu Commune
1%
Constanța Ciocârlia Commune
1%
Ialomița Ciocârlia Commune
1%
Teleorman Ciolăneşti Commune
1%
Vrancea Ciorăşti Commune
1%
Suceava Ciprian Porumbescu Commune
1%
Brăila Cireşu Commune
1%
Mehedinți Cireşu Commune
1%
Buzău Cislău Commune
1%
Harghita Ciucsângeorgiu Commune
1%
Tulcea Ciucurova Commune
1%
Harghita Ciumani Commune
1%
Bihor Ciumeghiu Commune
1%
Satu Mare Ciumeşti Commune
1%
Dolj Ciupercenii Noi Commune
1%
Iași Ciurea Commune
1%
Cluj Ciurila Commune
1%
Sălaj Cizer Commune
1%
Giurgiu Clejani Commune
1%
Maramureș Coas Commune
1%
Dâmbovița Cobia Commune
1%
Bihor Cociuba Mare Commune
1%
Ialomița Cocora Commune
1%
Argeș Cocu Commune
1%
Cluj Cojocna Commune
1%
Giurgiu Colibaşi Commune
1%
Covasna Comandău Commune
1%
Arad Conop Commune
1%
Botoșani Copălău Commune
1%
Maramureș Copalnic-Mănăştur Commune
1%
Dâmbovița Corbii Mari Commune
1%
Botoșani Cordăreni Commune
1%
Neamț Cordun Commune
1%
Botoșani Corni Commune
1%
Galați Corni Commune
1%
Maramureș Coroieni Commune
1%
Mureș Corunca Commune
1%
Bistrița-Năsăud Coşbuc Commune
1%
Prahova Cosminele Commune
1%
Galați Costache Negri Commune
1%
Neamț Costişa Commune
1%
Botoșani Coşula Commune
1%
Vrancea Coteşti Commune
1%
Bacău Coţofăneşti Commune
1%
Botoșani Coţuşca Commune
1%
Harghita Cozmeni Commune
1%
Iași Cozmeşti Commune
1%
Vaslui Cozmeşti Commune
1%
Neamț Crăcăoani Commune
1%
Alba Crăciunelu de Jos Commune
1%
Mureș Crăciuneşti Commune
1%
Satu Mare Craidorolţ Commune
1%
Mureș Crăieşti Commune
1%
Arad Craiva Commune
1%
Teleorman Crângeni Commune
1%
Teleorman Crângu Commune
1%
Giurgiu Crevedia Mare Commune
1%
Teleorman Crevenicu Commune
1%
Alba Cricău Commune
1%
Hunedoara Crişcior Commune
1%
Bihor Criştioru de Jos Commune
1%
Dâmbovița Crivăţ Commune
1%
Satu Mare Crucişor Commune
1%
Mureș Cuci Commune
1%
Iași Cucuteni Commune
1%
Galați Cudalbi Commune
1%
Satu Mare Culciu Commune
1%
Olt Cungrea Commune
1%
Bihor Curăţele Commune
1%
Dâmbovița Curcani Commune
1%
Botoșani Curteşti Commune
1%
Olt Curtişoara Commune
1%
Bihor Curtuişeni Commune
1%
Cluj Cuzdrioara Commune
1%
Cluj Dăbâca Commune
1%
Vâlcea Dăeşti Commune
1%
Alba Daia Română Commune
1%
Covasna Dalnic Commune
1%
Bacău Dămieneşti Commune
1%
Neamț Dămuc Commune
1%
Olt Dăneasa Commune
1%
Dolj Daneţi Commune
1%
Ilfov Dărăşti-Ilfov Commune
1%
Harghita Dârjiu Commune
1%
Sibiu Dârlos Commune
1%
Bacău Dealu Morii Commune
1%
Hunedoara Densuş Commune
1%
Bihor Derna Commune
1%
Dolj Desa Commune
1%
Maramureș Deseşti Commune
1%
Arad Dezna Commune
1%
Teleorman Dideşti Commune
1%
Arad Dieci Commune
1%
Covasna Dobârlău Commune
1%
Olt Dobreţu Commune
1%
Ilfov Dobroieşti Commune
1%
Olt Dobrosloveni Commune
1%
Dolj Dobroteşti Commune
1%
Teleorman Dobroteşti Commune
1%
Bacău Dofteana Commune
1%
Caraș-Severin Dognecea Commune
1%
Dâmbovița Doiceşti Commune
1%
Neamț Doljeşti Commune
1%
Dâmbovița Dor Mărunt Commune
1%
Suceava Dorna Candrenilor Commune
1%
Suceava Dorneşti Commune
1%
Satu Mare Dorolţ Commune
1%
Teleorman Dracea Commune
1%
Teleorman Drăcşenei Commune
1%
Dâmbovița Dragalina Commune
1%
Teleorman Drăgăneşti de Vede Commune
1%
Teleorman Drăgăneşti-Vlaşca Commune
1%
Argeș Drăganu Commune
1%
Bihor Drăgeşti Commune
1%
Dâmbovița Dragodana Commune
1%
Suceava Drăgoieşti Commune
1%
Ilfov Dragomireşti-Vale Commune
1%
Dâmbovița Dragoş Vodă Commune
1%
Prahova Drajna Commune
1%
Ialomița Dridu Commune
1%
Mehedinți Dubova Commune
1%
Timiș Dudeştii Noi Commune
1%
Timiș Dudeştii Vechi Commune
1%
Neamț Dumbrava Roşie Commune
1%
Iași Dumeşti Commune
1%
Vaslui Dumeşti Commune
1%
Bistrița-Năsăud Dumitriţa Commune
1%
Caraș-Severin Eftimie Murgu Commune
1%
Mureș Eremitu Commune
1%
Mureș Ernei Commune
1%
Mehedinți Eşelniţa Commune
1%
Covasna Estelnic Commune
1%
Vaslui Fălciu Commune
1%
Suceava Fântâna Mare Commune
1%
Bacău Faraoani Commune
1%
Maramureș Fărcaşa Commune
1%
Neamț Farcaşa Commune
1%
Bistrița-Năsăud Feldru Commune
1%
Harghita Feliceni Commune
1%
Arad Felnac Commune
1%
Bihor Finiş Commune
1%
Cluj Fizeşu Gherlii Commune
1%
Timiș Foeni Commune
1%
Satu Mare Foieni Commune
1%
Galați Folteşti Commune
1%
Caraș-Severin Forotic Commune
1%
Suceava Frătăuţii Noi Commune
1%
Suceava Frătăuţii Vechi Commune
1%
Giurgiu Frăteşti Commune
1%
Suceava Frumosu Commune
1%
Botoșani Frumuşica Commune
1%
Galați Frumuşiţa Commune
1%
Suceava Fundu Moldovei Commune
1%
Teleorman Furculeşti Commune
1%
Bacău Găiceana Commune
1%
Giurgiu Găiseni Commune
1%
Suceava Gălăneşti Commune
1%
Teleorman Gălăteni Commune
1%
Harghita Gălăuţaş Commune
1%
Buzău Gălbinaşi Commune
1%
Dâmbovița Gălbinaşi Commune
1%
Mureș Găleşti Commune
1%
Sălaj Gâlgău Commune
1%
Vâlcea Galicea Commune
1%
Mureș Găneşti Commune
1%
Cluj Gârbău Commune
1%
Vaslui Gârceni Commune
1%
Constanța Gârliciu Commune
1%
Vrancea Garoafa Commune
1%
Giurgiu Găujani Commune
1%
Cluj Geaca Commune
1%
Bihor Gepiu Commune
1%
Covasna Ghelinţa Commune
1%
Neamț Gherăeşti Commune
1%
Dolj Gherceşti Commune
1%
Vaslui Ghergheşti Commune
1%
Satu Mare Gherţa Mică Commune
1%
Covasna Ghidfalău Commune
1%
Galați Ghidigeni Commune
1%
Olt Ghimpeţeni Commune
1%
Constanța Ghindăreşti Commune
1%
Dolj Ghindeni Commune
1%
Arad Ghioroc Commune
1%
Bacău Gioseni Commune
1%
Bihor Girişu de Criş Commune
1%
Neamț Girov Commune
1%
Dolj Giubega Commune
1%
Bacău Glăvăneşti Commune
1%
Caraș-Severin Glimboca Commune
1%
Argeș Godeni Commune
1%
Giurgiu Gogoşari Commune
1%
Dolj Gogoşu Commune
1%
Mehedinți Gogoşu Commune
1%
Galați Gohor Commune
1%
Giurgiu Gostinu Commune
1%
Timiș Gottlob Commune
1%
Suceava Grămeşti Commune
1%
Arad Grăniceri Commune
1%
Suceava Grăniceşti Commune
1%
Teleorman Gratia Commune
1%
Giurgiu Greaca Commune
1%
Dolj Greceşti Commune
1%
Neamț Grinţieş Commune
1%
Brăila Gropeni Commune
1%
Maramureș Groşi Commune
1%
Maramureș Groşii Ţibleşului Commune
1%
Neamț Grumăzeşti Commune
1%
Vrancea Gugeşti Commune
1%
Ialomița Gura Ialomiţei Commune
1%
Dâmbovița Gura Ocniţei Commune
1%
Buzău Gura Teghii Commune
1%
Bacău Gura Văii Commune
1%
Mureș Gurghiu Commune
1%
Covasna Hăghig Commune
1%
Iași Hălăuceşti Commune
1%
Arad Hălmăgel Commune
1%
Arad Hălmagiu Commune
1%
Tulcea Hamcearca Commune
1%
Botoșani Hăneşti Commune
1%
Suceava Hânţeşti Commune
1%
Brașov Hârseni Commune
1%
Argeș Hârseşti Commune
1%
Arad Hăşmaş Commune
1%
Botoșani Havârna Commune
1%
Bacău Helegiu Commune
1%
Bacău Hemeiuş Commune
1%
Sălaj Hereclean Commune
1%
Satu Mare Hodod Commune
1%
Mureș Hodoşa Commune
1%
Sibiu Hoghilag Commune
1%
Brașov Holbav Commune
1%
Vrancea Homocea Commune
1%
Alba Hopârta Commune
1%
Bacău Horgeşti Commune
1%
Iași Horleşti Commune
1%
Suceava Horodnic de Jos Commune
1%
Suceava Horodnic de Sus Commune
1%
Suceava Horodniceni Commune
1%
Giurgiu Hotarele Commune
1%
Gorj Hurezani Commune
1%
Olt Iancu Jianu Commune
1%
Botoșani Ibaneşti Commune
1%
Mureș Ibăneşti Commune
1%
Vaslui Ibaneşti Commune
1%
Cluj Iclod Commune
1%
Olt Icoana Commune
1%
Giurgiu Iepureşti Commune
1%
Maramureș Ieud Commune
1%
Arad Igneşti Commune
1%
Sălaj Ileanda Commune
1%
Suceava Ilişesti Commune
1%
Bistrița-Năsăud Ilva Mare Commune
1%
Bistrița-Năsăud Ilva Mică Commune
1%
Alba Întregalde Commune
1%
Constanța Ion Corvin Commune
1%
Ialomița Ion Roată Commune
1%
Arad Iratoşu Commune
1%
Bacău Iteşti Commune
1%
Vaslui Ivăneşti Commune
1%
Galați Iveşti Commune
1%
Vaslui Iveşti Commune
1%
Olt Izbiceni Commune
1%
Suceava Izvoarele Sucevei Commune
1%
Bacău Izvoru Berheciului Commune
1%
Cluj Izvoru Crişului Commune
1%
Timiș Jamu Mare Commune
1%
Dâmbovița Jegălia Commune
1%
Cluj Jichişu de Jos Commune
1%
Giurgiu Joiţa Commune
1%
Bistrița-Năsăud Josenii Bârgăului Commune
1%
Harghita Lăzarea Commune
1%
Bihor Lazuri de Beiuş Commune
1%
Gorj Leleşti Commune
1%
Harghita Leliceni Commune
1%
Botoșani Leorda Commune
1%
Maramureș Leordina Commune
1%
Iași Lespezi Commune
1%
Bistrița-Năsăud Leşu Commune
1%
Bacău Letea Veche Commune
1%
Gorj Licurici Commune
1%
Timiș Liebling Commune
1%
Constanța Lipniţa Commune
1%
Teleorman Lita Commune
1%
Mureș Livezeni Commune
1%
Alba Lopadea Nouă Commune
1%
Buzău Lopătari Commune
1%
Timiș Lovrin Commune
1%
Botoșani Lozna Commune
1%
Sălaj Lozna Commune
1%
Buzău Luciu Commune
1%
Sibiu Ludoş Commune
1%
Harghita Lueta Commune
1%
Bihor Lugaşu de Jos Commune
1%
Bacău Luizi-Călugăra Commune
1%
Bistrița-Năsăud Lunca Ilvei Commune
1%
Caraș-Severin Luncaviţa Commune
1%
Tulcea Luncaviţa Commune
1%
Vâlcea Lungeşti Commune
1%
Dâmbovița Lunguleţu Commune
1%
Caraș-Severin Lupac Commune
1%
Arad Macea Commune
1%
Bihor Măgeşti Commune
1%
Bacău Măgireşti Commune
1%
Dolj Maglavit Commune
1%
Bistrița-Năsăud Măgura Ilvei Commune
1%
Prahova Măgureni Commune
1%
Cluj Măguri-Răcătău Commune
1%
Ialomița Maia Commune
1%
Vrancea Măicăneşti Commune
1%
Teleorman Măldăeni Commune
1%
Suceava Mălini Commune
1%
Tulcea Maliuc Commune
1%
Covasna Malnaş Commune
1%
Dâmbovița Malu Cu Flori Commune
1%
Ialomița Manasia Commune
1%
Bacău Mănăstirea Caşin Commune
1%
Suceava Mănăstirea Humorului Commune
1%
Cluj Mănăstireni Commune
1%
Prahova Măneciu Commune
1%
Dâmbovița Măneşti Commune
1%
Prahova Măneşti Commune
1%
Botoșani Manoleasa Commune
1%
Brăila Măraşu Commune
1%
Sălaj Marca Commune
1%
Ialomița Mărculeşti Commune
1%
Cluj Mărgău Commune
1%
Bistrița-Năsăud Mărişelu Commune
1%
Dolj Mârşani Commune
1%
Harghita Mărtiniş Commune
1%
Teleorman Mârzăneşti Commune
1%
Gorj Mătăsari Commune
1%
Teleorman Mavrodin Commune
1%
Brăila Măxineni Commune
1%
Satu Mare Medieşu Aurit Commune
1%
Dolj Melineşti Commune
1%
Vrancea Mera Commune
1%
Alba Meteş Commune
1%
Bistrița-Năsăud Miceştii de Câmpie Commune
1%
Covasna Micfalau Commune
1%
Satu Mare Micula Commune
1%
Bistrița-Năsăud Milaş Commune
1%
Vâlcea Milcoiu Commune
1%
Vrancea Milcovul Commune
1%
Cluj Mintiu Gherlii Commune
1%
Argeș Mioarele Commune
1%
Maramureș Mireşu Mare Commune
1%
Iași Mironeasa Commune
1%
Iași Mirosloveşti Commune
1%
Sălaj Mirşid Commune
1%
Arad Mişca Commune
1%
Suceava Mitocu Dragomirnei Commune
1%
Dâmbovița Mitreni Commune
1%
Covasna Moacşa Commune
1%
Ilfov Moara Vlăsiei Commune
1%
Cluj Mociu Commune
1%
Dâmbovița Modelu Commune
1%
Satu Mare Moftin Commune
1%
Iași Mogoşeşti Commune
1%
Maramureș Moisei Commune
1%
Suceava Moldova-Suliţa Commune
1%
Arad Moneasa Commune
1%
Bistrița-Năsăud Monor Commune
1%
Olt Morunglav Commune
1%
Timiș Moşniţa Nouă Commune
1%
Teleorman Moşteni Commune
1%
Iași Motca Commune
1%
Bacău Motoşeni Commune
1%
Ialomița Moviliţa Commune
1%
Vrancea Moviliţa Commune
1%
Argeș Mozăceni Commune
1%
Harghita Mugeni Commune
1%
Vaslui Muntenii de Sus Commune
1%
Buzău Murgeşti Commune
1%
Suceava Muşeniţa Commune
1%
Gorj Muşeteşti Commune
1%
Mureș Nadeş Commune
1%
Buzău Năeni Commune
1%
Caraș-Severin Naidăş Commune
1%
Tulcea Nalbant Commune
1%
Galați Nămoloasa Commune
1%
Dâmbovița Nana Commune
1%
Vrancea Năneşti Commune
1%
Teleorman Nanov Commune
1%
Sălaj Năpradea Commune
1%
Teleorman Năsturelu Commune
1%
Teleorman Necşeşti Commune
1%
Dolj Negoi Commune
1%
Argeș Negraşi Commune
1%
Bistrița-Năsăud Negrileşti Commune
1%
Galați Negrilesti Commune
1%
Vrancea Negrileşti Commune
1%
Teleorman Nenciulesti Commune
1%
Olt Nicolae Titulescu Commune
1%
Galați Nicoreşti Commune
1%
Dâmbovița Niculeşti Commune
1%
Tulcea Niculiţel Commune
1%
Bistrița-Năsăud Nimigea Commune
1%
Vrancea Nistoreşti Commune
1%
Timiș Niţchidorf Commune
1%
Ilfov Nuci Commune
1%
Bistrița-Năsăud Nuşeni Commune
1%
Sălaj Nuşfalău Commune
1%
Olt Obârşia Commune
1%
Caraș-Severin Obreja Commune
1%
Harghita Ocland Commune
1%
Dâmbovița Ocniţa Commune
1%
Satu Mare Odoreu Commune
1%
Ialomița Ograda Commune
1%
Giurgiu Ogrezeni Commune
1%
Giurgiu Oinacu Commune
1%
Covasna Ojdula Commune
1%
Arad Olari Commune
1%
Prahova Olari Commune
1%
Bihor Olcea Commune
1%
Vaslui Olteneşti Commune
1%
Constanța Oltina Commune
1%
Bihor Oraş Aleşd Commune
1%
Caraș-Severin Oraş Anina Commune
1%
Hunedoara Oraş Aninoasa Commune
1%
Satu Mare Oraş Ardud Commune
1%
Tulcea Oraş Babadag Commune
1%
Vâlcea Oraş Băbeni Commune
1%
Mehedinți Oraş Baia de Aramă Commune
1%
Alba Oraş Baia de Arieş Commune
1%
Vâlcea Oraş Băile Govora Commune
1%
Vâlcea Oraş Băile Olăneşti Commune
1%
Harghita Oraş Bălan Commune
1%
Olt Oraş Balş Commune
1%
Constanța Oraş Baneasa Commune
1%
Dolj Oraş Bechet Commune
1%
Vâlcea Oraş Berbeşti Commune
1%
Galați Oraş Bereşti Commune
1%
Caraș-Severin Oraş Bocşa Commune
1%
Maramureș Oraş Borşa Commune
1%
Prahova Oraş Breaza Commune
1%
Vâlcea Oraş Brezoi Commune
1%
Suceava Oraş Broşteni Commune
1%
Botoșani Oraş Bucecea Commune
1%
Dâmbovița Oraş Budeşti Commune
1%
Gorj Oraş Bumbeşti-Jiu Commune
1%
Timiș Oraş Buziaş Commune
1%
Hunedoara Oraş Călan Commune
1%
Alba Oraş Câmpeni Commune
1%
Maramureș Oraş Cavnic Commune
1%
Ialomița Oraş Căzăneşti Commune
1%
Sălaj Oraş Cehu Silvaniei Commune
1%
Timiș Oraş Ciacova Commune
1%
Bacău Oraş Comăneşti Commune
1%
Harghita Oraş Cristuru Secuiesc Commune
1%
Arad Oraş Curtici Commune
1%
Botoșani Oraş Darabani Commune
1%
Bacău Oraş Dărmăneşti Commune
1%
Timiș Oraş Deta Commune
1%
Suceava Oraş Dolhasca Commune
1%
Olt Oraş Drăgăneşti-Olt Commune
1%
Maramureș Oraş Dragomiresti Commune
1%
Brăila Oraş Făurei Commune
1%
Dâmbovița Oraş Fieni Commune
1%
Ialomița Oraş Fierbinţi-Târg Commune
1%
Botoșani Oraş Flămânzi Commune
1%
Suceava Oraş Frasin Commune
1%
Dâmbovița Oraş Fundulea Commune
1%
Timiș Oraş Gătaia Commune
1%
Hunedoara Oraş Geoagiu Commune
1%
Iași Oraş Hârlau Commune
1%
Brăila Oraş Ianca Commune
1%
Mureș Oraş Iernut Commune
1%
Arad Oraş Ineu Commune
1%
Brăila Oraş Însurăţei Commune
1%
Tulcea Oraş Isaccea Commune
1%
Sălaj Oraş Jibou Commune
1%
Dâmbovița Oraş Lehliu Gară Commune
1%
Satu Mare Oraş Livada Commune
1%
Ilfov Oraş Măgurele Commune
1%
Mureș Oraş Miercurea Nirajului Commune
1%
Giurgiu Oraş Mihăileşti Commune
1%
Suceava Oraş Milişăuţi Commune
1%
Caraș-Severin Oraş Moldova Nouă Commune
1%
Constanța Oraş Murfatlar Commune
1%
Vaslui Oraş Murgeni Commune
1%
Gorj Oraş Novaci Commune
1%
Alba Oraş Ocna Mureş Commune
1%
Vâlcea Oraş Ocnele Mari Commune
1%
Vrancea Oraş Odobeşti Commune
1%
Caraș-Severin Oraş Oţelu Roşu Commune
1%
Vrancea Oraş Panciu Commune
1%
Arad Oraş Pâncota Commune
1%
Buzău Oraş Patârlagele Commune
1%
Arad Oraş Pecica Commune
1%
Prahova Oraş Plopeni Commune
1%
Buzău Oraş Pogoanele Commune
1%
Olt Oraş Potcoava Commune
1%
Dâmbovița Oraş Răcari Commune
1%
Timiș Oraş Recaş Commune
1%
Neamț Oraş Roznov Commune
1%
Bihor Oraş Săcueni Commune
1%
Suceava Oraş Salcea Commune
1%
Maramureș Oraş Săliştea de Sus Commune
1%
Mureș Oraş Sângeorgiu de Pădure Commune
1%
Bistrița-Năsăud Oraş Sângeorz-Băi Commune
1%
Arad Oraş Sântana Commune
1%
Mureș Oraş Sărmaşu Commune
1%
Botoșani Oraş Săveni Commune
1%
Arad Oraş Sebiş Commune
1%
Dolj Oraş Şegarcea Commune
1%
Maramureș Oraş Seini Commune
1%
Suceava Oraş Solca Commune
1%
Maramureș Oraş Şomcuţa Mare Commune
1%
Mehedinți Oraş Strehaia Commune
1%
Galați Oraş Târgu Bujor Commune
1%
Satu Mare Oraş Tăşnad Commune
1%
Maramureș Oraş Tăuţii-Măgherăuş Commune
1%
Constanța Oraş Techirghiol Commune
1%
Gorj Oraş Ţicleni Commune
1%
Gorj Oraş Tîrgu Cărbuneşti Commune
1%
Gorj Oraş Turceni Commune
1%
Maramureș Oraş Ulmeni Commune
1%
Mureș Oraş Ungheni Commune
1%
Satu Mare Oraşu Nou Commune
1%
Prahova Oraş Urlaţi Commune
1%
Bihor Oraş Valea Lui Mihai Commune
1%
Prahova Oraş Vălenii de Munte Commune
1%
Mehedinți Oraş Vânju Mare Commune
1%
Bihor Oraş Vaşcău Commune
1%
Suceava Oraş Vicovu de Sus Commune
1%
Harghita Oraş Vlăhiţa Commune
1%
Alba Oraş Zlatna Commune
1%
Teleorman Orbeasca Commune
1%
Bacău Orbeni Commune
1%
Olt Orlea Commune
1%
Olt Osica de Jos Commune
1%
Olt Osica de Sus Commune
1%
Suceava Ostra Commune
1%
Timiș Otelec Commune
1%
Gorj Padeş Commune
1%
Buzău Padina Commune
1%
Mehedinți Pădina Commune
1%
Cluj Pălatca Commune
1%
Suceava Păltinoasa Commune
1%
Suceava Panaci Commune
1%
Bacău Pânceşti Commune
1%
Neamț Pânceşti Commune
1%
Neamț Pângăraţi Commune
1%
Cluj Panticeu Commune
1%
Brașov Părău Commune
1%
Bacău Parava Commune
1%
Tulcea Pardina Commune
1%
Bacău Pârgăreşti Commune
1%
Bacău Parincea Commune
1%
Buzău Pârscov Commune
1%
Suceava Pârteştii de Jos Commune
1%
Bistrița-Năsăud Parva Commune
1%
Mureș Păsăreni Commune
1%
Suceava Pătrăuţi Commune
1%
Sibiu Păuca Commune
1%
Harghita Păuleni-Ciuc Commune
1%
Arad Păuliş Commune
1%
Vrancea Păuneşti Commune
1%
Tulcea Peceneaga Commune
1%
Constanța Pecineaga Commune
1%
Arad Peregu Mare Commune
1%
Teleorman Peretu Commune
1%
Sălaj Pericei Commune
1%
Ialomița Perieţi Commune
1%
Olt Perieţi Commune
1%
Dolj Perişor Commune
1%
Dâmbovița Perişoru Commune
1%
Cluj Petreştii de Jos Commune
1%
Neamț Petricani Commune
1%
Maramureș Petrova Commune
1%
Bistrița-Năsăud Petru Rareş Commune
1%
Neamț Piatra Şoimului Commune
1%
Arad Pilu Commune
1%
Neamț Pipirig Commune
1%
Satu Mare Pişcolt Commune
1%
Harghita Plăieşii de Jos Commune
1%
Dolj Pleniţa Commune
1%
Arad Pleşcuţa Commune
1%
Bacău Plopana Commune
1%
Teleorman Plopii-Slăviteşti Commune
1%
Gorj Plopşoru Commune
1%
Teleorman Plosca Commune
1%
Cluj Ploscoş Commune
1%
Vrancea Ploscuţeni Commune
1%
Bihor Pocola Commune
1%
Dolj Podari Commune
1%
Neamț Podoleni Commune
1%
Bacău Poduri Commune
1%
Teleorman Poeni Commune
1%
Sălaj Poiana Blenchii Commune
1%
Bistrița-Năsăud Poiana Ilvei Commune
1%
Dolj Poiana Mare Commune
1%
Neamț Poiana Teiului Commune
1%
Alba Poiana Vadului Commune
1%
Argeș Poienarii de Argeş Commune
1%
Argeș Poienarii de Muscel Commune
1%
Vaslui Poieneşti Commune
1%
Maramureș Poienile de Sub Munte Commune
1%
Maramureș Poienile Izei Commune
1%
Suceava Poieni-Solca Commune
1%
Suceava Pojorâta Commune
1%
Gorj Polovragi Commune
1%
Botoșani Pomârla Commune
1%
Bihor Pomezeu Commune
1%
Satu Mare Pomi Commune
1%
Mehedinți Ponoarele Commune
1%
Alba Ponor Commune
1%
Teleorman Poroschia Commune
1%
Alba Poşaga Commune
1%
Buzău Poşta Câlnău Commune
1%
Dâmbovița Potlogi Commune
1%
Bacău Prajesti Commune
1%
Suceava Preuteşti Commune
1%
Galați Priponeşti Commune
1%
Olt Priseaca Commune
1%
Prahova Puchenii Mari Commune
1%
Vrancea Pufeşti Commune
1%
Buzău Puieşti Commune
1%
Vaslui Puieşti Commune
1%
Teleorman Purani Commune
1%
Giurgiu Putineiu Commune
1%
Teleorman Putineiu Commune
1%
Bihor Răbăgani Commune
1%
Bacău Răcăciuni Commune
1%
Caraș-Severin Răcăşdia Commune
1%
Iași Rachiţeni Commune
1%
Botoșani Răchiţi Commune
1%
Bacău Răchitoasa Commune
1%
Dâmbovița Raciu Commune
1%
Bacău Racova Commune
1%
Satu Mare Racşa Commune
1%
Harghita Racu Commune
1%
Botoșani Rădăuţi-Prut Commune
1%
Teleorman Rădoieşti Commune
1%
Olt Radomireşti Commune
1%
Dolj Radovan Commune
1%
Iași Răducăneni Commune
1%
Ialomița Radulesti Commune
1%
Caraș-Severin Ramna Commune
1%
Brăila Râmnicelu Commune
1%
Buzău Râmnicelu Commune
1%
Teleorman Răsmireşti Commune
1%
Constanța Rasova Commune
1%
Bistrița-Năsăud Rebra Commune
1%
Bistrița-Năsăud Rebrişoara Commune
1%
Cluj Recea-Cristur Commune
1%
Covasna Reci Commune
1%
Galați Rediu Commune
1%
Iași Rediu Commune
1%
Neamț Rediu Commune
1%
Maramureș Remetea Chioarului Commune
1%
Maramureș Repedea Commune
1%
Bihor Rieni Commune
1%
Cluj Rişca Commune
1%
Giurgiu Roata de Jos Commune
1%
Buzău Robeasca Commune
1%
Argeș Rociu Commune
1%
Sălaj Românaşi Commune
1%
Brăila Romanu Commune
1%
Bistrița-Năsăud Romuli Commune
1%
Maramureș Rona de Jos Commune
1%
Maramureș Rona de Sus Commune
1%
Dâmbovița Roseti Commune
1%
Alba Roşia de Secaş Commune
1%
Vaslui Roşieşti Commune
1%
Maramureș Rozavlea Commune
1%
Vrancea Rugineşti Commune
1%
Bistrița-Năsăud Runcu Salvei Commune
1%
Maramureș Ruscova Commune
1%
Buzău Ruşeţu Commune
1%
Maramureș Săcălăşeni Commune
1%
Timiș Săcălaz Commune
1%
Satu Mare Săcăşeni Commune
1%
Teleorman Săceni Commune
1%
Cluj Săcuieu Commune
1%
Dolj Sadova Commune
1%
Suceava Sadova Commune
1%
Teleorman Saelele Commune
1%
Buzău Săgeata Commune
1%
Neamț Sagna Commune
1%
Arad Şagu Commune
1%
Buzău Săhăteni Commune
1%
Bihor Sălacea Commune
1%
Vâlcea Sălătrucel Commune
1%
Constanța Saligny Commune
1%
Bistrița-Năsăud Salva Commune
1%
Olt Sâmbureşti Commune
1%
Timiș Sânandrei Commune
1%
Alba Sâncel Commune
1%
Harghita Sâncrăieni Commune
1%
Cluj Sâncraiu Commune
1%
Harghita Sândominic Commune
1%
Timiș Şandra Commune
1%
Bacău Sănduleni Commune
1%
Cluj Sănduleşti Commune
1%
Mureș Sânger Commune
1%
Bihor Sâniob Commune
1%
Satu Mare Sanislău Commune
1%
Sălaj Sânmihaiu Almaşului Commune
1%
Bistrița-Năsăud Sânmihaiu de Câmpie Commune
1%
Timiș Sânmihaiu Român Commune
1%
Bihor Sannicolau Roman Commune
1%
Harghita Sânsimion Commune
1%
Hunedoara Sântămăria-Orlea Commune
1%
Satu Mare Santău Commune
1%
Covasna Sânzieni Commune
1%
Argeș Săpata Commune
1%
Constanța Saraiu Commune
1%
Maramureș Sarasău Commune
1%
Timiș Saravale Commune
1%
Tulcea Sarichioi Commune
1%
Sălaj Şărmăşag Commune
1%
Suceava Saru Dornei Commune
1%
Alba Săsciori Commune
1%
Bacău Sascut Commune
1%
Maramureș Satulung Commune
1%
Bacău Săuceşti Commune
1%
Cluj Săvădisla Commune
1%
Neamț Săvineşti Commune
1%
Ialomița Scânteia Commune
1%
Iași Scânteia Commune
1%
Iași Şcheia Commune
1%
Suceava Şcheia Commune
1%
Galați Schela Commune
1%
Gorj Schela Commune
1%
Argeș Schitu Goleşti Commune
1%
Gorj Scoarţa Commune
1%
Bacău Scorţeni Commune
1%
Prahova Scorţeni Commune
1%
Teleorman Scrioaştea Commune
1%
Teleorman Scurtu Mare Commune
1%
Arad Secusigiu Commune
1%
Teleorman Segarcea-Vale Commune
1%
Constanța Seimeni Commune
1%
Arad Şeitin Commune
1%
Arad Seleuş Commune
1%
Arad Semlac Commune
1%
Galați Şendreni Commune
1%
Botoșani Şendriceni Commune
1%
Arad Şepreuş Commune
1%
Brașov Şercaia Commune
1%
Teleorman Sfinţeşti Commune
1%
Alba Şibot Commune
1%
Arad Şicula Commune
1%
Harghita Siculeni Commune
1%
Bistrița-Năsăud Şieu-Măgheruş Commune
1%
Bistrița-Năsăud Şieu-Odorhei Commune
1%
Bistrița-Năsăud Şieuţ Commune
1%
Vrancea Sihlea Commune
1%
Arad Şilindia Commune
1%
Bistrița-Năsăud Silivaşu de Câmpie Commune
1%
Arad Şimand Commune
1%
Sălaj Şimişna Commune
1%
Harghita Şimoneşti Commune
1%
Brașov Şinca Nouă Commune
1%
Giurgiu Singureni Commune
1%
Arad Sintea Mare Commune
1%
Bistrița-Năsăud Şintereag Commune
1%
Bihor Şinteu Commune
1%
Iași Şipote Commune
1%
Maramureș Şişeşti Commune
1%
Mehedinți Şişeşti Commune
1%
Arad Şiştarovăţ Commune
1%
Galați Slobozia Conachi Commune
1%
Teleorman Slobozia Mândra Commune
1%
Dâmbovița Slobozia Moară Commune
1%
Teleorman Smârdioasa Commune
1%
Buzău Smeeni Commune
1%
Galați Smulţi Commune
1%
Brașov Şoarş Commune
1%
Arad Socodor Commune
1%
Caraș-Severin Socol Commune
1%
Arad Şofronea Commune
1%
Hunedoara Şoimuş Commune
1%
Dâmbovița Şoldanu Commune
1%
Bacău Solonţ Commune
1%
Tulcea Somova Commune
1%
Dolj Sopot Commune
1%
Vrancea Soveja Commune
1%
Dâmbovița Spanţov Commune
1%
Bihor Spinuş Commune
1%
Alba Şpring Commune
1%
Argeș Stâlpeni Commune
1%
Mureș Stânceni Commune
1%
Brăila Stăncuţa Commune
1%
Botoșani Stăuceni Commune
1%
Prahova Ştefeşti Commune
1%
Gorj Stejari Commune
1%
Ialomița Stelnica Commune
1%
Botoșani Ştiubieni Commune
1%
Gorj Stoina Commune
1%
Teleorman Ştorobăneasa Commune
1%
Maramureș Strâmtura Commune
1%
Vâlcea Stroeşti Commune
1%
Bacău Strugari Commune
1%
Iași Strunga Commune
1%
Suceava Stulpicani Commune
1%
Cluj Suatu Commune
1%
Harghita Subcetate Commune
1%
Galați Suceveni Commune
1%
Alba Şugag Commune
1%
Teleorman Suhaia Commune
1%
Botoșani Suliţa Commune
1%
Bihor Şuncuiuş Commune
1%
Satu Mare Supur Commune
1%
Sălaj Surduc Commune
1%
Brăila Şuţeşti Commune
1%
Vâlcea Suteşti Commune
1%
Cluj Ţaga Commune
1%
Teleorman Talpa Commune
1%
Neamț Tămăşeni Commune
1%
Bihor Tămăşeu Commune
1%
Bacău Tamaşi Commune
1%
Bihor Tărcaia Commune
1%
Neamț Tarcău Commune
1%
Bihor Tarcea Commune
1%
Constanța Târguşor Commune
1%
Bacău Târgu Trotuş Commune
1%
Bistrița-Năsăud Târlişua Commune
1%
Satu Mare Tarna Mare Commune
1%
Arad Târnova Commune
1%
Caraș-Severin Târnova Commune
1%
Satu Mare Târşolţ Commune
1%
Dâmbovița Tărtăşeşti Commune
1%
Dâmbovița Tătărani Commune
1%
Vaslui Tătărăni Commune
1%
Teleorman Tătărăştii de Jos Commune
1%
Teleorman Tătărăştii de Sus Commune
1%
Prahova Tătaru Commune
1%
Bihor Tăuteu Commune
1%
Prahova Telega Commune
1%
Gorj Teleşti Commune
1%
Galați Ţepu Commune
1%
Satu Mare Terebeşti Commune
1%
Timiș Teremia Mare Commune
1%
Dolj Teslui Commune
1%
Olt Teslui Commune
1%
Bihor Ţeţchea Commune
1%
Brașov Ticuşu Commune
1%
Bistrița-Năsăud Tiha Bârgăului Commune
1%
Satu Mare Tiream Commune
1%
Buzău Tisău Commune
1%
Bihor Toboliu Commune
1%
Iași Todireşti Commune
1%
Suceava Todireşti Commune
1%
Vaslui Todireşti Commune
1%
Timiș Tomnatic Commune
1%
Constanța Topalu Commune
1%
Olt Topana Commune
1%
Giurgiu Toporu Commune
1%
Constanța Tortoman Commune
1%
Sălaj Treznea Commune
1%
Iași Trifeşti Commune
1%
Neamț Trifeşti Commune
1%
Cluj Tritenii de Jos Commune
1%
Teleorman Trivalea-Moşteni Commune
1%
Teleorman Troianul Commune
1%
Botoșani Truşeşti Commune
1%
Bihor Tulca Commune
1%
Harghita Tulgheş Commune
1%
Galați Tuluceşti Commune
1%
Neamț Tupilaţi Commune
1%
Gorj Turcineşti Commune
1%
Tulcea Turcoaia Commune
1%
Hunedoara Turdaş Commune
1%
Cluj Tureni Commune
1%
Caraș-Severin Turnu Ruieni Commune
1%
Satu Mare Turţ Commune
1%
Satu Mare Turulung Commune
1%
Iași Ţuţora Commune
1%
Vaslui Tutova Commune
1%
Teleorman Uda-Clocociov Commune
1%
Suceava Udeşti Commune
1%
Bihor Uileacu de Beiuş Commune
1%
Timiș Uivar Commune
1%
Harghita Ulieş Commune
1%
Suceava Ulma Commune
1%
Galați Umbrăreşti Commune
1%
Brașov Ungra Commune
1%
Cluj Unguraş Commune
1%
Neamț Urecheni Commune
1%
Bacău Urecheşti Commune
1%
Vrancea Urecheşti Commune
1%
Bistrița-Năsăud Uriu Commune
1%
Bistrița-Năsăud Urmeniş Commune
1%
Olt Urzica Commune
1%
Dolj Urzicuţa Commune
1%
Arad Ususau Commune
1%
Dâmbovița Văcăreşti Commune
1%
Botoșani Văculeşti Commune
1%
Brăila Vădeni Commune
1%
Bihor Vadu Crişului Commune
1%
Maramureș Vadu Izei Commune
1%
Suceava Vadu Moldovei Commune
1%
Alba Vadu Moţilor Commune
1%
Buzău Vadu Paşii Commune
1%
Vâlcea Vaideeni Commune
1%
Timiș Valcani Commune
1%
Buzău Vâlcelele Commune
1%
Dâmbovița Vâlcelele Commune
1%
Dâmbovița Valea Argovei Commune
1%
Prahova Valea Călugărească Commune
1%
Maramureș Valea Chioarului Commune
1%
Covasna Valea Crişului Commune
1%
Prahova Valea Doftanei Commune
1%
Cluj Valea Ierii Commune
1%
Argeș Valea Mare Pravăţ Commune
1%
Galați Valea Mărului Commune
1%
Suceava Valea Moldovei Commune
1%
Tulcea Valea Nucarilor Commune
1%
Tulcea Valea Teilor Commune
1%
Satu Mare Valea Vinului Commune
1%
Caraș-Severin Văliug Commune
1%
Giurgiu Vânătorii Mici Commune
1%
Neamț Vânători-Neamţ Commune
1%
Caraș-Severin Vărădia Commune
1%
Arad Vărădia de Mureş Commune
1%
Giurgiu Vărăşti Commune
1%
Bihor Vârciorog Commune
1%
Botoșani Vârfu Câmpului Commune
1%
Dâmbovița Vârfuri Commune
1%
Arad Vârfurile Commune
1%
Covasna Vârghiş Commune
1%
Galați Vârlezi Commune
1%
Harghita Vărşag Commune
1%
Teleorman Vârtoape Commune
1%
Dolj Vârtop Commune
1%
Buzău Verneşti Commune
1%
Satu Mare Vetiş Commune
1%
Satu Mare Viile Satu Mare Commune
1%
Buzău Vipereşti Commune
1%
Dâmbovița Vişineşti Commune
1%
Teleorman Vităneşti Commune
1%
Brăila Viziru Commune
1%
Botoșani Vlăsineşti Commune
1%
Timiș Voiteg Commune
1%
Suceava Voitinel Commune
1%
Suceava Volovăţ Commune
1%
Botoșani Vorniceni Commune
1%
Botoșani Vorona Commune
1%
Harghita Voşlăbeni Commune
1%
Caraș-Severin Vrani Commune
1%
Olt Vulpeni Commune
1%
Sibiu Vurpăr Commune
1%
Arad Zăbrani Commune
1%
Arad Zădăreni Commune
1%
Bistrița-Năsăud Zagra Commune
1%
Sălaj Zalha Commune
1%
Teleorman Zâmbreasca Commune
1%
Suceava Zamostea Commune
1%
Neamț Zăneşti Commune
1%
Arad Zărand Commune
1%
Caraș-Severin Zăvoi Commune
1%
Bacău Zemeş Commune
1%
Arad Zerind Commune
1%
Harghita Zetea Commune
1%
Buzău Ziduri Commune
1%
Arad Zimandu Nou Commune
1%
Sălaj Zimbor Commune
1%
Suceava Zvoriştea Commune
1%
Botoșani Adăşeni Commune
0%
Sălaj Agrij Commune
0%
Iași Alexandru I. Cuza Commune
0%
Dâmbovița Alexandru Odobescu Commune
0%
Dolj Almăj Commune
0%
Ialomița Andrăşeşti Commune
0%
Iași Andrieşeni Commune
0%
Dolj Apele Vii Commune
0%
Prahova Apostolache Commune
0%
Dolj Argetoaia Commune
0%
Prahova Ariceştii Zeletin Commune
0%
Ialomița Armăşeşti Commune
0%
Caraș-Severin Armeniş Commune
0%
Iași Aroneanu Commune
0%
Vaslui Arsura Commune
0%
Maramureș Asuaju de Sus Commune
0%
Mureș Aţintiş Commune
0%
Botoșani Avrămeni Commune
0%
Olt Băbiciu Commune
0%
Vaslui Băcani Commune
0%
Mehedinți Bâcleş Commune
0%
Mureș Băgaciu Commune
0%
Maramureș Băiţa de sub Codru Commune
0%
Buzău Bălăceanu Commune
0%
Mehedinți Bălăciţa Commune
0%
Ialomița Balaciu Commune
0%
Galați Bălăşeşti Commune
0%
Hunedoara Balşa Commune
0%
Prahova Balta Doamnei Commune
0%
Botoșani Băluşeni Commune
0%
Mehedinți Bâlvăneşti Commune
0%
Vaslui Banca Commune
0%
Sălaj Bănişor Commune
0%
Hunedoara Băniţa Commune
0%
Brăila Bărăganul Commune
0%
Olt Bărăşti Commune
0%
Dâmbovița Bărbuleţu Commune
0%
Neamț Bârgăuani Commune
0%
Mureș Batoş Commune
0%
Hunedoara Bătrâna Commune
0%
Buzău Beceni Commune
0%
Mureș Beica de Jos Commune
0%
Iași Belceşti Commune
0%
Argeș Beleţi-Negreşti Commune
0%
Timiș Belinţ Commune
0%
Sălaj Benesat Commune
0%
Gorj Bengeşti-Ciocadia Commune
0%
Vaslui Berezeni Commune
0%
Hunedoara Beriu Commune
0%
Gorj Berleşti Commune
0%
Caraș-Severin Berlişte Commune
0%
Prahova Bertea Commune
0%
Brăila Berteştii de Jos Commune
0%
Caraș-Severin Berzasca Commune
0%
Timiș Bethausen Commune
0%
Neamț Bicazu Ardelean Commune
0%
Mureș Bichiş Commune
0%
Vrancea Bilieşti Commune
0%
Neamț Bira Commune
0%
Dolj Bîrca Commune
0%
Buzău Bisoca Commune
0%
Dolj Bistret Commune
0%
Iași Bivolari Commune
0%
Buzău Blăjani Commune
0%
Hunedoara Blăjeni Commune
0%
Botoșani Blândesti Commune
0%
Maramureș Bocicoiu Mare Commune
0%
Satu Mare Bogdand Commune
0%
Vaslui Bogdăniţa Commune
0%
Vrancea Bogheşti Commune
0%
Neamț Boghicea Commune
0%
Vâlcea Boişoara Commune
0%
Gorj Bolboşi Commune
0%
Prahova Boldeşti-Gradiştea Commune
0%
Vrancea Boloteşti Commune
0%
Caraș-Severin Bolvaşniţa Commune
0%
Ialomița Boraneşti Commune
0%
Gorj Borăscu Commune
0%
Suceava Boroaia Commune
0%
Hunedoara Boşorod Commune
0%
Suceava Botoşana Commune
0%
Dolj Botoşeşti-Paia Commune
0%
Neamț Bozieni Commune
0%
Buzău Bozioru Commune
0%
Dolj Brabova Commune
0%
Buzău Brădeanu Commune
0%
Dolj Braloştiţa Commune
0%
Hunedoara Brănişca Commune
0%
Olt Brastavăţu Commune
0%
Dolj Bratovoeşti Commune
0%
Dolj Breasta Commune
0%
Caraș-Severin Brebu Nou Commune
0%
Timiș Brestovăţ Commune
0%
Hunedoara Bretea Română Commune
0%
Mehedinți Brezniţa-Motru Commune
0%
Mehedinți Brezniţa-Ocol Commune
0%
Caraș-Severin Buchin Commune
0%
Caraș-Severin Bucoşniţa Commune
0%
Ialomița Bueşti Commune
0%
Giurgiu Bulbucata Commune
0%
Hunedoara Bulzeştii de Sus Commune
0%
Gorj Bumbeşti-Piţic Commune
0%
Vaslui Buneşti-Avereşti Commune
0%
Hunedoara Bunila Commune
0%
Mehedinți Burila Mare Commune
0%
Hunedoara Burjuc Commune
0%
Gorj Bustuchin Commune
0%
Iași Butea Commune
0%
Dâmbovița Butimanu Commune
0%
Mehedinți Butoieşti Commune
0%
Giurgiu Buturugeni Commune
0%
Dolj Calopăr Commune
0%
Olt Calui Commune
0%
Vrancea Câmpineanca Commune
0%
Buzău Căneşti Commune
0%
Suceava Capu Câmpului Commune
0%
Sălaj Carastelec Commune
0%
Dolj Caraula Commune
0%
Caraș-Severin Cărbunari Commune
0%
Hunedoara Cârjiţi Commune
0%
Vrancea Cârligele Commune
0%
Satu Mare Căuaş Commune
0%
Galați Cavadineşti Commune
0%
Timiș Cenei Commune
0%
Iași Cepleniţa Commune
0%
Prahova Ceraşu Commune
0%
Hunedoara Cerbăl Commune
0%
Buzău Cernăteşti Commune
0%
Dolj Cernăteşti Commune
0%
Vâlcea Cernişoara Commune
0%
Hunedoara Certeju de Sus Commune
0%
Galați Cerţeşti Commune
0%
Mureș Ceuaşu de Câmpie Commune
0%
Olt Cezieni Commune
0%
Timiș Checea Commune
0%
Timiș Chevereşu Mare Commune
0%
Mureș Chibed Commune
0%
Sălaj Chieşd Commune
0%
Mureș Chiheru de Jos Commune
0%
Buzău Chiliile Commune
0%
Prahova Chiojdeanca Commune
0%
Vrancea Chiojdeni Commune
0%
Buzău Chiojdu Commune
0%
Constanța Chirnogeni Commune
0%
Buzău Cilibia Commune
0%
Vaslui Ciocani Commune
0%
Ialomița Ciochina Commune
0%
Brăila Ciocile Commune
0%
Iași Ciohorani Commune
0%
Prahova Ciorani Commune
0%
Dolj Cioroiaşi Commune
0%
Iași Ciorteşti Commune
0%
Caraș-Severin Ciuchici Commune
0%
Caraș-Severin Ciudanoviţa Commune
0%
Iași Coarnele Caprei Commune
0%
Buzău Cochirleanca Commune
0%
Prahova Cocoraştii Colt Commune
0%
Prahova Cocorăştii Mislii Commune
0%
Vaslui Codăeşti Commune
0%
Dâmbovița Cojasca Commune
0%
Prahova Colceag Commune
0%
Ialomița Colelia Commune
0%
Maramureș Coltău Commune
0%
Buzău Colţi Commune
0%
Iași Comarna Commune
0%
Dâmbovița Comişani Commune
0%
Timiș Comloşu Mare Commune
0%
Botoșani Conceşti Commune
0%
Caraș-Severin Constantin Daicoviciu Commune
0%
Caraș-Severin Copăcele Commune
0%
Bacău Corbasca Commune
0%
Vrancea Corbiţa Commune
0%
Mehedinți Corcova Commune
0%
Mehedinți Corlăţel Commune
0%
Botoșani Corlăteni Commune
0%
Dâmbovița Cornăţelu Commune
0%
Caraș-Severin Cornea Commune
0%
Caraș-Severin Cornereva Commune
0%
Suceava Cornu Luncii Commune
0%
Vaslui Coroieşti Commune
0%
Mureș Coroisânmărtin Commune
0%
Caraș-Severin Coronini Commune
0%
Ialomița Cosâmbeşti Commune
0%
Sălaj Coşeiu Commune
0%
Ialomița Coşereni Commune
0%
Suceava Cosna Commune
0%
Giurgiu Cosoba Commune
0%
Dolj Coşoveni Commune
0%
Timiș Coşteiu Commune
0%
Dâmbovița Costeştii din Vale Commune
0%
Iași Costuleni Commune
0%
Olt Coteana Commune
0%
Dolj Coţofenii din Dos Commune
0%
Dolj Coţofenii din Faţa Commune
0%
Arad Covăsinţ Commune
0%
Buzău Cozieni Commune
0%
Mureș Cozma Commune
0%
Dâmbovița Crângurile Commune
0%
Sălaj Creaca Commune
0%
Vâlcea Creţeni Commune
0%
Vaslui Creţeşti Commune
0%
Timiș Criciova Commune
0%
Botoșani Cristineşti Commune
0%
Sălaj Cristolţ Commune
0%
Gorj Cruşeţ Commune
0%
Mureș Cucerdea Commune
0%
Mehedinți Cujmir Commune
0%
Maramureș Cupşeni Commune
0%
Sălaj Cuzăplac Commune
0%
Iași Dagâţa Commune
0%
Caraș-Severin Dalboşeţ Commune
0%
Gorj Dănciuleşti Commune
0%
Botoșani Dângeni Commune
0%
Vâlcea Dănicei Commune
0%
Timiș Darova Commune
0%
Mehedinți Dârvari Commune
0%
Botoșani Dersca Commune
0%
Dâmbovița Dichiseni Commune
0%
Vâlcea Diculeşti Commune
0%
Botoșani Dimacheni Commune
0%
Vaslui Dimitrie Cantemir Commune
0%
Dolj Dioşti Commune
0%
Botoșani Dobârceni Commune
0%
Olt Dobroteasa Commune
0%
Iași Dobrovăţ Commune
0%
Olt Dobrun Commune
0%
Neamț Dochia Commune
0%
Caraș-Severin Doclin Commune
0%
Vaslui Dodeşti Commune
0%
Iași Dolheşti Commune
0%
Suceava Dolheşti Commune
0%
Caraș-Severin Domaşnea Commune
0%
Suceava Dorna-Arini Commune
0%
Olt Drăghiceni Commune
0%
Dolj Drăgoteşti Commune
0%
Gorj Drăgoteşti Commune
0%
Gorj Drăguţeşti Commune
0%
Vaslui Drânceni Commune
0%
Dolj Drănic Commune
0%
Vaslui Duda-Epureni Commune
0%
Vrancea Dumitreşti Commune
0%
Botoșani Durneşti Commune
0%
Vaslui Epureni Commune
0%
Iași Erbiceni Commune
0%
Caraș-Severin Ezeriş Commune
0%
Ialomița Făcăeni Commune
0%
Olt Făgeţelu Commune
0%
Olt Fălcoiu Commune
0%
Mureș Fărăgău Commune
0%
Olt Fărcaşele Commune
0%
Gorj Fărcăşeşti Commune
0%
Timiș Fârdea Commune
0%
Caraș-Severin Fârliug Commune
0%
Galați Fârţăneşti Commune
0%
Vâlcea Fârtăţeşti Commune
0%
Vâlcea Făureşti Commune
0%
Vaslui Fereşti Commune
0%
Timiș Fibis Commune
0%
Sălaj Fildu de Jos Commune
0%
Prahova Filipeştii de Pădure Commune
0%
Prahova Filipeştii de Târg Commune
0%
Dâmbovița Finta Commune
0%
Vrancea Fitioneşti Commune
0%
Giurgiu Floreşti-Stoeneşti Commune
0%
Buzău Florica Commune
0%
Iași Focuri Commune
0%
Suceava Forăşti Commune
0%
Vâlcea Frânceşti Commune
0%
Vaslui Fruntişeni Commune
0%
Prahova Fulga Commune
0%
Neamț Gadinţi Commune
0%
Vaslui Găgeşti Commune
0%
Brăila Galbenu Commune
0%
Dolj Galicea Mare Commune
0%
Dolj Galiciuica Commune
0%
Dolj Gângiova Commune
0%
Sălaj Gârbou Commune
0%
Ialomița Gârbovi Commune
0%
Neamț Gârcina Commune
0%
Olt Gârcov Commune
0%
Maramureș Gărdani Commune
0%
Mehedinți Gârla Mare Commune
0%
Caraș-Severin Gârnic Commune
0%
Olt Găvăneşti Commune
0%
Timiș Gavojdia Commune
0%
Brăila Gemenele Commune
0%
Hunedoara General Berthelot Commune
0%
Hunedoara Ghelari Commune
0%
Ialomița Gheorghe Lazăr Commune
0%
Buzău Gherăseni Commune
0%
Buzău Ghergheasa Commune
0%
Prahova Gherghiţa Commune
0%
Dolj Ghidici Commune
0%
Timiș Ghilad Commune
0%
Neamț Ghindăoani Commune
0%
Mureș Ghindari Commune
0%
Vâlcea Ghioroiu Commune
0%
Timiș Ghizela Commune
0%
Timiș Giera Commune
0%
Dolj Gighera Commune
0%
Timiș Giulvăz Commune
0%
Dolj Giurgiţa Commune
0%
Olt Giuvărăşti Commune
0%
Vâlcea Glăvile Commune
0%
Buzău Glodeanu Sărat Commune
0%
Buzău Glodeanu-Siliştea Commune
0%
Gorj Glogova Commune
0%
Mehedinți Godeanu Commune
0%
Gorj Godineşti Commune
0%
Dolj Goicea Commune
0%
Dolj Goieşti Commune
0%
Iași Golăieşti Commune
0%
Vrancea Gologanu Commune
0%
Iași Gorban Commune
0%
Botoșani Gorbăneşti Commune
0%
Prahova Gorgota Commune
0%
Mureș Gorneşti Commune
0%
Prahova Gornet Commune
0%
Prahova Gornet-Cricov Commune
0%
Caraș-Severin Goruia Commune
0%
Olt Gostavăţu Commune
0%
Giurgiu Gostinari Commune
0%
Olt Grădinile Commune
0%
Iași Grajduri Commune
0%
Buzău Grebănu Commune
0%
Mureș Grebenişu de Câmpie Commune
0%
Olt Grojdibodu Commune
0%
Iași Gropniţa Commune
0%
Iași Grozeşti Commune
0%
Mehedinți Grozeşti Commune
0%
Mehedinți Gruia Commune
0%
Vrancea Gura Caliţei Commune
0%
Dâmbovița Gura Foii Commune
0%
Olt Gura Padinii Commune
0%
Hunedoara Gurasada Commune
0%
Dâmbovița Gura Şuţii Commune
0%
Prahova Gura Vadului Commune
0%
Prahova Gura Vitioarei Commune
0%
Dâmbovița Gurbănesti Commune
0%
Vâlcea Guşoeni Commune
0%
Sălaj Halmăşd Commune
0%
Neamț Hangu Commune
0%
Hunedoara Hărău Commune
0%
Iași Hărmăneşti Commune
0%
Suceava Hartop Commune
0%
Iași Heleşteni Commune
0%
Giurgiu Herăşti Commune
0%
Botoșani Hilişeu-Horia Commune
0%
Mehedinți Hinova Commune
0%
Botoșani Hlipiceni Commune
0%
Vaslui Hoceni Commune
0%
Mureș Hodac Commune
0%
Iași Holboca Commune
0%
Satu Mare Homoroade Commune
0%
Sălaj Horoatu Crasnei Commune
0%
Botoșani Hudeşti Commune
0%
Dâmbovița Hulubeşti Commune
0%
Bacău Huruieşti Commune
0%
Mehedinți Husnicioara Commune
0%
Caraș-Severin Iablaniţa Commune
0%
Vaslui Iana Commune
0%
Suceava Iaslovăţ Commune
0%
Mureș Iclănzel Commune
0%
Neamț Icuşeşti Commune
0%
Mureș Ideciu de Jos Commune
0%
Timiș Iecea Mare Commune
0%
Dâmbovița Iedera Commune
0%
Dâmbovița Ileana Commune
0%
Mehedinți Ilovăţ Commune
0%
Mehedinți Iloviţa Commune
0%
Iași Ion Neculce Commune
0%
Prahova Iordăcheanu Commune
0%
Iași Ipatele Commune
0%
Dolj Işalniţa Commune
0%
Mehedinți Isverna Commune
0%
Giurgiu Isvoarele Commune
0%
Mehedinți Izvoru Bârzii Commune
0%
Vrancea Jariştea Commune
0%
Mehedinți Jiana Commune
0%
Ialomița Jilavele Commune
0%
Brăila Jirlău Commune
0%
Vrancea Jitia Commune
0%
Galați Jorăşti Commune
0%
Prahova Jugureni Commune
0%
Vâlcea Lacusteni Commune
0%
Vâlcea Lădeşti Commune
0%
Vâlcea Laloşu Commune
0%
Prahova Lapoş Commune
0%
Hunedoara Lăpugiu de Jos Commune
0%
Vâlcea Lăpuşata Commune
0%
Caraș-Severin Lăpuşnicel Commune
0%
Caraș-Severin Lăpuşnicu Mare Commune
0%
Buzău Largu Commune
0%
Olt Leleasca Commune
0%
Hunedoara Lelese Commune
0%
Timiș Lenauheim Commune
0%
Giurgiu Letca Nouă Commune
0%
Prahova Lipăneşti Commune
0%
Vaslui Lipovăţ Commune
0%
Dolj Lipovu Commune
0%
Gorj Logreşti Commune
0%
Dâmbovița Lucieni Commune
0%
Dâmbovița Ludeşti Commune
0%
Dâmbovița Luica Commune
0%
Vaslui Lunca Banului Commune
0%
Mureș Lunca Bradului Commune
0%
Hunedoara Lunca Cernii de Jos Commune
0%
Hunedoara Luncoiu de Jos Commune
0%
Iași Lungani Commune
0%
Dâmbovița Lupşanu Commune
0%
Dolj Măceşu de Jos Commune
0%
Dolj Măceşu de Sus Commune
0%
Iași Mădârjac Commune
0%
Vâlcea Mădulari Commune
0%
Sălaj Măerişte Commune
0%
Mureș Măgherani Commune
0%
Vâlcea Malaia Commune
0%
Vâlcea Măldăreşti Commune
0%
Mehedinți Malovăţ Commune
0%
Dolj Malu Mare Commune
0%
Vaslui Măluşteni Commune
0%
Timiș Mănăştiur Commune
0%
Buzău Mânzăleşti Commune
0%
Buzău Mărgăriteşti Commune
0%
Hunedoara Mărtineşti Commune
0%
Olt Mărunţei Commune
0%
Timiș Maşloc Commune
0%
Galați Măstăcani Commune
0%
Dâmbovița Mătăsaru Commune
0%
Vâlcea Mateeşti Commune
0%
Caraș-Severin Măureni Commune
0%
Caraș-Severin Mehadica Commune
0%
Buzău Merei Commune
0%
Sălaj Meseşenii de Jos Commune
0%
Vaslui Micleşti Commune
0%
Botoșani Mihălăşeni Commune
0%
Mureș Miheşu de Câmpie Commune
0%
Botoșani Mileanca Commune
0%
Ialomița Miloşeşti Commune
0%
Dolj Mischii Commune
0%
Vâlcea Mitrofani Commune
0%
Dâmbovița Mogoşani Commune
0%
Iași Mogoşeşti-Siret Commune
0%
Dâmbovița Morteni Commune
0%
Dâmbovița Moţăieni Commune
0%
Dolj Moţăţei Commune
0%
Buzău Movila Banului Commune
0%
Brăila Movila Miresii Commune
0%
Vâlcea Muereasca Commune
0%
Ialomița Munteni-Buzău Commune
0%
Vaslui Muntenii de Jos Commune
0%
Dolj Murgaşi Commune
0%
Timiș Nădrag Commune
0%
Vrancea Năruja Commune
0%
Gorj Negomir Commune
0%
Vrancea Nereju Commune
0%
Botoșani Nicşeni Commune
0%
Maramureș Oarţa de Jos Commune
0%
Mehedinți Obârşia-Cloşani Commune
0%
Mehedinți Obârşia de Câmp Commune
0%
Olt Oboga Commune
0%
Vrancea Obrejiţa Commune
0%
Caraș-Severin Ocna de Fier Commune
0%
Buzău Odăile Commune
0%
Timiș Ohaba Lungă Commune
0%
Vâlcea Olanu Commune
0%
Neamț Oniceni Commune
0%
Olt Oporelu Commune
0%
Mehedinți Oprişor Commune
0%
Olt Optaşi-Măgura Commune
0%
Vâlcea Oraş Bălceşti Commune
0%
Prahova Oraş Boldeşti-Scăeni Commune
0%
Suceava Oraş Cajvana Commune
0%
Suceava Oraş Liteni Commune
0%
Hunedoara Orăştioara de Sus Commune
0%
Vâlcea Orleşti Commune
0%
Dolj Orodel Commune
0%
Timiș Orţişoara Commune
0%
Vaslui Oşeşti Commune
0%
Vâlcea Oteşani Commune
0%
Prahova Păcureţi Commune
0%
Buzău Pănătău Commune
0%
Mureș Pănet Commune
0%
Mureș Papiu Ilarian Commune
0%
Buzău Pardoşi Commune
0%
Bacău Pârjol Commune
0%
Olt Pârşcoveni Commune
0%
Timiș Parta Commune
0%
Neamț Păstrăveni Commune
0%
Mehedinți Pătulele Commune
0%
Vâlcea Păuşeşti Commune
0%
Vâlcea Păuşeşti-Măglaşi Commune
0%
Timiș Peciu Nou Commune
0%
Vaslui Perieni Commune
0%
Vâlcea Perişani Commune
0%
Dâmbovița Perşinari Commune
0%
Timiș Pesac Commune
0%
Vâlcea Pesceana Commune
0%
Gorj Peştişani Commune
0%
Hunedoara Pestişu Mic Commune
0%
Mureș Petelea Commune
0%
Ilfov Petrăchioaia Commune
0%
Dâmbovița Pietrari Commune
0%
Vâlcea Pietrari Commune
0%
Dâmbovița Pietroşiţa Commune
0%
Timiș Pişchia Commune
0%
Dolj Piscu Vechi Commune
0%
Dâmbovița Plătăreşti Commune
0%
Ialomița Platoneşti Commune
0%
Dolj Plesoi Commune
0%
Olt Pleşoiu Commune
0%
Sălaj Plopiş Commune
0%
Iași Plugari Commune
0%
Olt Poboru Commune
0%
Vaslui Pochidia Commune
0%
Prahova Podenii Noi Commune
0%
Buzău Podgoria Commune
0%
Mureș Pogăceaua Commune
0%
Vaslui Pogana Commune
0%
Vaslui Pogoneşti Commune
0%
Prahova Poiana Câmpina Commune
0%
Vrancea Poiana Cristei Commune
0%
Suceava Poiana Stampei Commune
0%
Prahova Poienarii Burchii Commune
0%
Caraș-Severin Pojejena Commune
0%
Iași Popricani Commune
0%
Mehedinți Poroina Mare Commune
0%
Prahova Poseşti Commune
0%
Botoșani Prăjeni Commune
0%
Prahova Predeal-Sărari Commune
0%
Dolj Predeşti Commune
0%
Caraș-Severin Prigor Commune
0%
Gorj Prigoria Commune
0%
Iași Prisăcani Commune
0%
Mehedinți Pristol Commune
0%
Iași Probota Commune
0%
Dâmbovița Produleşti Commune
0%
Prahova Proviţa de Jos Commune
0%
Prahova Proviţa de Sus Commune
0%
Vâlcea Prundeni Commune
0%
Mehedinți Prunişor Commune
0%
Vaslui Pungeşti Commune
0%
Mehedinți Punghina Commune
0%
Vaslui Puşcasi Commune
0%
Hunedoara Răchitova Commune
0%
Vrancea Răcoasa Commune
0%
Buzău Racoviţeni Commune
0%
Suceava Rădăşeni Commune
0%
Dâmbovița Radovanu Commune
0%
Vaslui Rafaila Commune
0%
Prahova Râfov Commune
0%
Alba Râmetea Commune
0%
Hunedoara Rapoltu Mare Commune
0%
Dâmbovița Răscăeţi Commune
0%
Vrancea Răstoaca Commune
0%
Mureș Răstoliţa Commune
0%
Giurgiu Răsuceni Commune
0%
Dâmbovița Râu Alb Commune
0%
Neamț Răuceşti Commune
0%
Hunedoara Râu de Mori Commune
0%
Botoșani Răuseni Commune
0%
Dâmbovița Răzvad Commune
0%
Vaslui Rebricea Commune
0%
Olt Redea Commune
0%
Vrancea Reghiu Commune
0%
Timiș Remetea Mare Commune
0%
Ialomița Reviga Commune
0%
Hunedoara Ribiţa Commune
0%
Mureș Rîciu Commune
0%
Botoșani Ripiceni Commune
0%
Dolj Robăneşti Commune
0%
Mehedinți Rogova Commune
0%
Dolj Rojişte Commune
0%
Hunedoara Romos Commune
0%
Iași Roşcani Commune
0%
Gorj Roşia de Amaradia Commune
0%
Vâlcea Roşiile Commune
0%
Olt Rusăneşti Commune
0%
Caraș-Severin Rusca Montană Commune
0%
Mureș Ruşii-Munţi Commune
0%
Giurgiu Săbăreni Commune
0%
Gorj Săcelu Commune
0%
Timiș Sacoşu Turcesc Commune
0%
Hunedoara Sălaşu de Sus Commune
0%
Sălaj Sălăţig Commune
0%
Brăila Salcia Tudor Commune
0%
Prahova Sălciile Commune
0%
Dolj Sălcuţa Commune
0%
Maramureș Sălsig Commune
0%
Gorj Samarineşti Commune
0%
Sălaj Şamşud Commune
0%
Mureș Sâncraiu de Mureş Commune
0%
Mureș Sângeorgiu de Mureş Commune
0%
Prahova Sângeru Commune
0%
Mureș Sânpetru de Câmpie Commune
0%
Timiș Sânpetru Mare Commune
0%
Botoșani Santa Mare Commune
0%
Mureș Sântana de Mureş Commune
0%
Buzău Săpoca Commune
0%
Olt Sârbii - Măgura Commune
0%
Caraș-Severin Sasca Montană Commune
0%
Timiș Satchinez Commune
0%
Satu Mare Săuca Commune
0%
Gorj Săuleşti Commune
0%
Mureș Şăulia Commune
0%
Dolj Scăeşti Commune
0%
Galați Scânteieşti Commune
0%
Iași Schitu Duca Commune
0%
Iași Scobinţi Commune
0%
Brăila Scorţaru Nou Commune
0%
Buzău Scorţoasa Commune
0%
Vâlcea Scundu Commune
0%
Buzău Scutelnici Commune
0%
Dolj Seaca de Câmp Commune
0%
Dolj Seaca de Pădure Commune
0%
Prahova Secăria Commune
0%
Timiș Secaş Commune
0%
Dâmbovița Şelaru Commune
0%
Suceava Serbăuţi Commune
0%
Caraș-Severin Sicheviţa Commune
0%
Dolj Siliştea Crucii Commune
0%
Suceava Siminicea Commune
0%
Dolj Şimnicu de Sus Commune
0%
Mureș Şincai Commune
0%
Iași Sireţel Commune
0%
Vâlcea Şirineasa Commune
0%
Prahova Şirna Commune
0%
Caraș-Severin Slatina-Timiş Commune
0%
Gorj Slivileşti Commune
0%
Vrancea Slobozia Bradului Commune
0%
Vrancea Slobozia Ciorăşti Commune
0%
Satu Mare Socond Commune
0%
Dâmbovița Sohatu Commune
0%
Prahova Şoimari Commune
0%
Vaslui Soleşti Commune
0%
Mureș Solovăstru Commune
0%
Sălaj Someş-Odorhei Commune
0%
Olt Sopârliţa Commune
0%
Caraș-Severin Şopotu Nou Commune
0%
Dâmbovița Şotânga Commune
0%
Prahova Şotrile Commune
0%
Mehedinți Şovarna Commune
0%
Olt Spineni Commune
0%
Olt Sprâncenata Commune
0%
Vrancea Spulber Commune
0%
Buzău Stâlpu Commune
0%
Mehedinți Stângăceaua Commune
0%
Vaslui Stănileşti Commune
0%
Bacău Stănişeşti Commune
0%
Neamț Stăniţa Commune
0%
Prahova Starchiojd Commune
0%
Timiș Ştiuca Commune
0%
Olt Stoicăneşti Commune
0%
Vâlcea Stoileşti Commune
0%
Iași Stolniceni-Prăjescu Commune
0%
Vrancea Străoane Commune
0%
Olt Strejeşti Commune
0%
Suceava Stroieşti Commune
0%
Olt Studina Commune
0%
Maramureș Suciu de Sus Commune
0%
Ialomița Sudiţi Commune
0%
Botoșani Suharău Commune
0%
Galați Suhurului Commune
0%
Vaslui Şuletea Commune
0%
Vrancea Suraia Commune
0%
Prahova Surani Commune
0%
Brăila Surdila-Găiseanca Commune
0%
Brăila Surdila-Greci Commune
0%
Vâlcea Şuşani Commune
0%
Mehedinți Sviniţa Commune
0%
Vaslui Tăcuta Commune
0%
Prahova Talea Commune
0%
Dolj Tălpaş Commune
0%
Dâmbovița Tămădău Mare Commune
0%
Vrancea Tâmboeşti Commune
0%
Mehedinți Tâmna Commune
0%
Vaslui Tanacu Commune
0%
Vrancea Tănăsoaia Commune
0%
Iași Tansa Commune
0%
Gorj Ţânţăreni Commune
0%
Prahova Târgşoru Vechi Commune
0%
Neamț Taşca Commune
0%
Vrancea Tătăranu Commune
0%
Iași Tătăruşi Commune
0%
Olt Tătuleşti Commune
0%
Mureș Tăureni Commune
0%
Dolj Teasc Commune
0%
Prahova Teişani Commune
0%
Hunedoara Teliucu Inferior Commune
0%
Caraș-Severin Teregova Commune
0%
Dolj Terpeziţa Commune
0%
Vâlcea Tetoiu Commune
0%
Olt Tia Mare Commune
0%
Iași Ţibana Commune
0%
Iași Ţibăneşti Commune
0%
Neamț Tibucani Commune
0%
Brăila Tichileşti Commune
0%
Caraș-Severin Ticvaniu Mare Commune
0%
Vrancea Ţifeşti Commune
0%
Iași Ţigănaşi Commune
0%
Neamț Timişeşti Commune
0%
Prahova Tinosu Commune
0%
Buzău Ţinteşti Commune
0%
Botoșani Todireni Commune
0%
Prahova Tomşani Commune
0%
Vâlcea Tomşani Commune
0%
Caraș-Severin Topleţ Commune
0%
Buzău Topliceni Commune
0%
Timiș Topolovăţu Mare Commune
0%
Timiș Tormac Commune
0%
Hunedoara Toteşti Commune
0%
Timiș Traian Vuia Commune
0%
Brăila Tufeşti Commune
0%
Dolj Ţuglui Commune
0%
Vrancea Tulnici Commune
0%
Gorj Turburea Commune
0%
Dâmbovița Ulieşti Commune
0%
Buzău Unguriu Commune
0%
Botoșani Unţeni Commune
0%
Gorj Urdari Commune
0%
Olt Vădastra Commune
0%
Olt Vădăstriţa Commune
0%
Prahova Vadu Săpat Commune
0%
Gorj Văgiuleşti Commune
0%
Prahova Vâlcăneşti Commune
0%
Sălaj Valcău de Jos Commune
0%
Ialomița Valea Ciorii Commune
0%
Giurgiu Valea Dragului Commune
0%
Mureș Valea Largă Commune
0%
Ialomița Valea Măcrişului Commune
0%
Buzău Valea Râmnicului Commune
0%
Buzău Valea Salciei Commune
0%
Vrancea Valea Sării Commune
0%
Dolj Valea Stanciului Commune
0%
Dâmbovița Văleni-Dâmboviţa Commune
0%
Hunedoara Vălişoara Commune
0%
Mehedinți Vânjuleţ Commune
0%
Prahova Vărbilău Commune
0%
Mureș Vărgata Commune
0%
Timiș Variaş Commune
0%
Sălaj Vârşolţ Commune
0%
Vrancea Vârteşcoiu Commune
0%
Dolj Vârvoru de Jos Commune
0%
Dâmbovița Vasilaţi Commune
0%
Hunedoara Vaţa de Jos Commune
0%
Mureș Vătava Commune
0%
Suceava Vatra Moldoviţei Commune
0%
Dolj Vela Commune
0%
Dolj Verbiţa Commune
0%
Olt Verguleasa Commune
0%
Caraș-Severin Vermeş Commune
0%
Mureș Veţca Commune
0%
Hunedoara Veţel Commune
0%
Vaslui Vetrişoaia Commune
0%
Timiș Victor Vlad Delamarina Commune
0%
Maramureș Vima Mică Commune
0%
Vaslui Vinderei Commune
0%
Buzău Vintilă Vodă Commune
0%
Vrancea Vintileasca Commune
0%
Brăila Vişani Commune
0%
Olt Vişina Nouă Commune
0%
Olt Vitomireşti Commune
0%
Vrancea Vizantea-Livezi Commune
0%
Mehedinți Vlădaia Commune
0%
Olt Vlădila Commune
0%
Vâlcea Voiceşti Commune
0%
Mureș Voivodeni Commune
0%
Mehedinți Voloiac Commune
0%
Hunedoara Vorţa Commune
0%
Vrancea Vrâncioaia Commune
0%
Mehedinți Vrata Commune
0%
Dâmbovița Vulcana-Băi Commune
0%
Dâmbovița Vulcana-Pandele Commune
0%
Vaslui Vutcani Commune
0%
Mureș Zagăr Commune
0%
Vaslui Zăpodeni Commune
0%
Vâlcea Zătreni Commune
0%
Mureș Zau de Câmpie Commune
0%
Brăila Zăvoaia Commune
0%
Vaslui Zorleni Commune
0%
Caraș-Severin Zorlenţu Mare Commune
0%
No matching quizzes found
Score Distribution
Percent of People with Each Score
Percentile by Number Answered
Your Score History
You have not taken this quiz